Compter jusqu'à 10 000 - Statistiques

Statistiques générales
  • Ce quiz a été pris 56 fois
  • Le résultat moyen est 417 sur 10000
Statistiques - réponses
Réponse % Correct
1
100%
2
100%
3
100%
4
98%
5
98%
7
98%
9
98%
6
96%
8
96%
10
94%
11
88%
12
88%
13
86%
14
86%
17
86%
33
84%
16
82%
22
82%
23
82%
25
82%
27
82%
15
80%
18
80%
20
80%
21
80%
31
80%
32
80%
34
80%
37
80%
19
78%
24
78%
29
78%
35
78%
36
78%
39
78%
26
76%
30
76%
38
76%
47
75%
28
73%
41
73%
43
73%
44
73%
45
73%
49
73%
46
71%
50
71%
55
71%
40
69%
42
69%
54
69%
56
69%
61
69%
62
69%
65
69%
67
69%
100
67%
48
67%
52
67%
57
67%
59
67%
64
67%
66
67%
69
67%
71
67%
72
67%
74
67%
75
67%
77
67%
58
65%
68
65%
73
65%
76
65%
85
65%
86
65%
89
65%
99
65%
53
63%
60
63%
63
63%
79
63%
88
63%
94
63%
96
63%
97
63%
51
61%
78
61%
90
61%
95
61%
98
61%
70
59%
81
59%
83
59%
84
59%
91
59%
92
59%
80
57%
87
57%
93
57%
101
55%
82
55%
104
51%
111
51%
102
49%
103
47%
109
47%
113
47%
112
45%
105
43%
106
43%
107
43%
108
43%
110
43%
114
43%
115
43%
121
43%
123
43%
1000
41%
117
41%
116
39%
119
39%
120
39%
124
39%
132
39%
134
39%
118
37%
122
37%
125
37%
127
37%
128
37%
129
37%
135
37%
136
37%
147
37%
222
37%
333
37%
999
37%
126
35%
130
35%
131
35%
133
35%
137
35%
142
35%
145
35%
151
35%
152
35%
161
35%
666
35%
789
35%
138
33%
140
33%
141
33%
143
33%
149
33%
154
33%
164
33%
165
33%
173
33%
242
33%
444
33%
454
33%
456
33%
545
33%
555
33%
646
33%
654
33%
10000
31%
1111
31%
139
31%
148
31%
150
31%
153
31%
157
31%
162
31%
163
31%
176
31%
181
31%
200
31%
425
31%
435
31%
494
31%
524
31%
546
31%
547
31%
645
31%
777
31%
787
31%
9999
31%
144
29%
146
29%
155
29%
156
29%
158
29%
160
29%
167
29%
168
29%
169
29%
170
29%
171
29%
172
29%
177
29%
179
29%
194
29%
202
29%
214
29%
216
29%
230
29%
232
29%
246
29%
251
29%
423
29%
424
29%
452
29%
462
29%
465
29%
475
29%
536
29%
564
29%
567
29%
655
29%
656
29%
754
29%
756
29%
757
29%
888
29%
987
29%
159
27%
166
27%
174
27%
175
27%
178
27%
180
27%
187
27%
189
27%
190
27%
191
27%
193
27%
197
27%
198
27%
211
27%
212
27%
213
27%
215
27%
217
27%
2222
27%
229
27%
231
27%
241
27%
243
27%
253
27%
261
27%
265
27%
291
27%
300
27%
311
27%
312
27%
313
27%
314
27%
326
27%
327
27%
342
27%
343
27%
345
27%
352
27%
353
27%
362
27%
384
27%
415
27%
431
27%
436
27%
4444
27%
455
27%
464
27%
467
27%
472
27%
473
27%
474
27%
476
27%
495
27%
515
27%
516
27%
535
27%
537
27%
543
27%
544
27%
5555
27%
565
27%
586
27%
614
27%
626
27%
634
27%
648
27%
649
27%
652
27%
657
27%
674
27%
675
27%
679
27%
687
27%
724
27%
725
27%
735
27%
738
27%
743
27%
745
27%
765
27%
767
27%
849
27%
868
27%
947
27%
949
27%
959
27%
969
27%
975
27%
989
27%
182
25%
183
25%
184
25%
185
25%
186
25%
188
25%
192
25%
195
25%
196
25%
199
25%
201
25%
203
25%
204
25%
205
25%
207
25%
210
25%
220
25%
221
25%
223
25%
227
25%
228
25%
233
25%
234
25%
235
25%
240
25%
244
25%
245
25%
250
25%
254
25%
256
25%
257
25%
271
25%
278
25%
321
25%
324
25%
325
25%
330
25%
332
25%
3333
25%
334
25%
336
25%
341
25%
354
25%
356
25%
363
25%
365
25%
372
25%
373
25%
375
25%
400
25%
404
25%
412
25%
417
25%
432
25%
433
25%
434
25%
445
25%
451
25%
453
25%
457
25%
459
25%
460
25%
466
25%
468
25%
480
25%
489
25%
496
25%
498
25%
500
25%
512
25%
525
25%
532
25%
534
25%
561
25%
563
25%
566
25%
568
25%
569
25%
575
25%
577
25%
595
25%
596
25%
623
25%
624
25%
627
25%
642
25%
659
25%
665
25%
6666
25%
677
25%
719
25%
726
25%
727
25%
728
25%
734
25%
746
25%
747
25%
753
25%
762
25%
764
25%
768
25%
769
25%
7777
25%
785
25%
786
25%
798
25%
837
25%
838
25%
846
25%
856
25%
878
25%
891
25%
895
25%
897
25%
900
25%
915
25%
951
25%
954
25%
957
25%
979
25%
984
25%
206
24%
208
24%
209
24%
219
24%
224
24%
225
24%
226
24%
236
24%
238
24%
247
24%
248
24%
252
24%
262
24%
263
24%
264
24%
268
24%
272
24%
273
24%
275
24%
276
24%
281
24%
282
24%
283
24%
284
24%
285
24%
297
24%
298
24%
303
24%
315
24%
318
24%
320
24%
340
24%
344
24%
346
24%
351
24%
355
24%
361
24%
369
24%
379
24%
383
24%
403
24%
449
24%
461
24%
463
24%
483
24%
487
24%
492
24%
518
24%
519
24%
523
24%
526
24%
528
24%
531
24%
538
24%
541
24%
542
24%
548
24%
550
24%
553
24%
554
24%
556
24%
557
24%
562
24%
570
24%
571
24%
572
24%
576
24%
580
24%
597
24%
600
24%
611
24%
612
24%
615
24%
617
24%
618
24%
619
24%
628
24%
632
24%
635
24%
640
24%
641
24%
643
24%
644
24%
647
24%
653
24%
664
24%
670
24%
678
24%
683
24%
684
24%
685
24%
694
24%
695
24%
696
24%
698
24%
700
24%
710
24%
736
24%
741
24%
742
24%
760
24%
770
24%
782
24%
784
24%
792
24%
793
24%
795
24%
797
24%
800
24%
815
24%
817
24%
818
24%
823
24%
830
24%
842
24%
845
24%
848
24%
852
24%
857
24%
858
24%
864
24%
865
24%
867
24%
870
24%
876
24%
8888
24%
890
24%
894
24%
901
24%
905
24%
907
24%
919
24%
937
24%
942
24%
945
24%
953
24%
956
24%
961
24%
972
24%
974
24%
978
24%
980
24%
985
24%
986
24%
988
24%
990
24%
998
24%
218
22%
237
22%
239
22%
249
22%
255
22%
259
22%
260
22%
267
22%
269
22%
270
22%
274
22%
277
22%
279
22%
280
22%
286
22%
287
22%
288
22%
289
22%
290
22%
292
22%
293
22%
294
22%
299
22%
301
22%
310
22%
316
22%
317
22%
322
22%
323
22%
328
22%
331
22%
335
22%
347
22%
348
22%
357
22%
358
22%
360
22%
364
22%
366
22%
367
22%
370
22%
374
22%
376
22%
378
22%
380
22%
382
22%
386
22%
387
22%
389
22%
393
22%
395
22%
398
22%
401
22%
405
22%
409
22%
414
22%
416
22%
418
22%
420
22%
426
22%
427
22%
428
22%
437
22%
438
22%
443
22%
446
22%
450
22%
469
22%
470
22%
471
22%
477
22%
478
22%
479
22%
482
22%
484
22%
501
22%
502
22%
514
22%
517
22%
520
22%
527
22%
533
22%
540
22%
549
22%
560
22%
573
22%
578
22%
579
22%
581
22%
582
22%
583
22%
585
22%
587
22%
588
22%
589
22%
594
22%
601
22%
613
22%
616
22%
620
22%
621
22%
637
22%
639
22%
650
22%
651
22%
658
22%
663
22%
667
22%
668
22%
669
22%
671
22%
672
22%
680
22%
681
22%
682
22%
690
22%
691
22%
693
22%
697
22%
699
22%
701
22%
711
22%
713
22%
714
22%
715
22%
717
22%
718
22%
720
22%
723
22%
730
22%
737
22%
740
22%
750
22%
751
22%
752
22%
755
22%
758
22%
763
22%
766
22%
774
22%
776
22%
778
22%
779
22%
780
22%
781
22%
783
22%
788
22%
790
22%
796
22%
801
22%
806
22%
807
22%
809
22%
814
22%
816
22%
819
22%
820
22%
822
22%
824
22%
825
22%
826
22%
827
22%
828
22%
834
22%
835
22%
836
22%
839
22%
847
22%
853
22%
854
22%
860
22%
861
22%
862
22%
872
22%
879
22%
884
22%
885
22%
892
22%
896
22%
899
22%
902
22%
904
22%
908
22%
909
22%
912
22%
916
22%
918
22%
923
22%
924
22%
925
22%
930
22%
935
22%
936
22%
938
22%
943
22%
950
22%
963
22%
964
22%
967
22%
968
22%
970
22%
971
22%
973
22%
976
22%
981
22%
982
22%
983
22%
991
22%
995
22%
996
22%
258
20%
266
20%
295
20%
296
20%
302
20%
304
20%
305
20%
306
20%
307
20%
308
20%
309
20%
319
20%
329
20%
337
20%
338
20%
339
20%
349
20%
350
20%
368
20%
371
20%
377
20%
381
20%
385
20%
388
20%
390
20%
392
20%
394
20%
396
20%
397
20%
399
20%
402
20%
406
20%
407
20%
410
20%
413
20%
421
20%
422
20%
430
20%
439
20%
440
20%
441
20%
442
20%
447
20%
458
20%
485
20%
490
20%
491
20%
497
20%
504
20%
505
20%
506
20%
507
20%
509
20%
510
20%
511
20%
513
20%
529
20%
530
20%
551
20%
552
20%
558
20%
559
20%
574
20%
584
20%
590
20%
593
20%
602
20%
603
20%
604
20%
608
20%
609
20%
610
20%
622
20%
625
20%
629
20%
630
20%
631
20%
636
20%
638
20%
660
20%
661
20%
662
20%
673
20%
676
20%
686
20%
689
20%
692
20%
702
20%
703
20%
705
20%
706
20%
707
20%
709
20%
716
20%
721
20%
729
20%
731
20%
732
20%
739
20%
744
20%
748
20%
759
20%
761
20%
773
20%
775
20%
791
20%
803
20%
804
20%
808
20%
810
20%
811
20%
812
20%
813
20%
821
20%
829
20%
833
20%
840
20%
841
20%
843
20%
844
20%
850
20%
859
20%
863
20%
873
20%
875
20%
880
20%
881
20%
882
20%
886
20%
887
20%
889
20%
893
20%
898
20%
903
20%
906
20%
910
20%
914
20%
917
20%
920
20%
926
20%
927
20%
928
20%
929
20%
931
20%
939
20%
940
20%
941
20%
944
20%
946
20%
948
20%
955
20%
958
20%
960
20%
962
20%
965
20%
966
20%
992
20%
993
20%
994
20%
997
20%
1001
18%
1003
18%
1010
18%
359
18%
391
18%
408
18%
411
18%
429
18%
448
18%
481
18%
486
18%
488
18%
493
18%
499
18%
503
18%
508
18%
521
18%
522
18%
539
18%
591
18%
592
18%
598
18%
599
18%
605
18%
606
18%
607
18%
633
18%
688
18%
704
18%
708
18%
712
18%
722
18%
733
18%
749
18%
771
18%
772
18%
794
18%
799
18%
802
18%
805
18%
831
18%
832
18%
851
18%
855
18%
866
18%
869
18%
874
18%
877
18%
883
18%
911
18%
913
18%
921
18%
922
18%
932
18%
933
18%
934
18%
952
18%
977
18%
1002
16%
1004
16%
1005
16%
1006
16%
1007
16%
1008
16%
1009
16%
1011
16%
1012
16%
1016
16%
1020
16%
1021
16%
1023
16%
1024
16%
1031
16%
1032
16%
419
16%
871
16%
1013
14%
1014
14%
1015
14%
1017
14%
1018
14%
1019
14%
1022
14%
1025
14%
1026
14%
1027
14%
1030
14%
1033
14%
1034
14%
1035
14%
1234
14%
1235
14%
2001
14%
2002
14%
2003
14%
2009
14%
2010
14%
3000
14%
4000
14%
7000
14%
1028
12%
1029
12%
1036
12%
1037
12%
1038
12%
1040
12%
1041
12%
1047
12%
1054
12%
1057
12%
1065
12%
1110
12%
1112
12%
1230
12%
1515
12%
2000
12%
2004
12%
2005
12%
2006
12%
2007
12%
2008
12%
2011
12%
2021
12%
2022
12%
5000
12%
6000
12%
6576
12%
9000
12%
9992
12%
9993
12%
9995
12%
9996
12%
9998
12%
1039
10%
1042
10%
1045
10%
1046
10%
1052
10%
1053
10%
1055
10%
1056
10%
1058
10%
1059
10%
1069
10%
1090
10%
1113
10%
1114
10%
1117
10%
1221
10%
1231
10%
1811
10%
2012
10%
2013
10%
2014
10%
2015
10%
2016
10%
2017
10%
2018
10%
2019
10%
2020
10%
2023
10%
3001
10%
3003
10%
4545
10%
4645
10%
5002
10%
8000
10%
9875
10%
9876
10%
9990
10%
9991
10%
9994
10%
9997
10%
1043
8%
1044
8%
1048
8%
1049
8%
1050
8%
1051
8%
1060
8%
1061
8%
1062
8%
1063
8%
1064
8%
1066
8%
1067
8%
1068
8%
1070
8%
1071
8%
1072
8%
1073
8%
1074
8%
1075
8%
1076
8%
1077
8%
1078
8%
1079
8%
1080
8%
1086
8%
1099
8%
1101
8%
1104
8%
1105
8%
1106
8%
1107
8%
1108
8%
1109
8%
1115
8%
1118
8%
1121
8%
1122
8%
1123
8%
1126
8%
1127
8%
1133
8%
1144
8%
1156
8%
1212
8%
1213
8%
1228
8%
1229
8%
1232
8%
1233
8%
1236
8%
1241
8%
1315
8%
1324
8%
1427
8%
1442
8%
1451
8%
1453
8%
1512
8%
1514
8%
1516
8%
1666
8%
1734
8%
1763
8%
1785
8%
1901
8%
1997
8%
1999
8%
2024
8%
2025
8%
2026
8%
2027
8%
2111
8%
2223
8%
3002
8%
3133
8%
4001
8%
4002
8%
4534
8%
4574
8%
5001
8%
5465
8%
6001
8%
6543
8%
6547
8%
7001
8%
8001
8%
9001
8%
9004
8%
9005
8%
9010
8%
9870
8%
9871
8%
1081
6%
1082
6%
1083
6%
1084
6%
1085
6%
1087
6%
1089
6%
1091
6%
1092
6%
1093
6%
1094
6%
1095
6%
1096
6%
1097
6%
1098
6%
1100
6%
1102
6%
1103
6%
1116
6%
1119
6%
1124
6%
1125
6%
1128
6%
1129
6%
1130
6%
1131
6%
1132
6%
1134
6%
1140
6%
1145
6%
1147
6%
1151
6%
1154
6%
1155
6%
1166
6%
1177
6%
1188
6%
1199
6%
1200
6%
1203
6%
1222
6%
1223
6%
1224
6%
1225
6%
1227
6%
1237
6%
1238
6%
1245
6%
1251
6%
1255
6%
1264
6%
1277
6%
1285
6%
1300
6%
1333
6%
1345
6%
1361
6%
1412
6%
1414
6%
1417
6%
1418
6%
1441
6%
1452
6%
1454
6%
1456
6%
1471
6%
1475
6%
1507
6%
1510
6%
1511
6%
1513
6%
1518
6%
1532
6%
1541
6%
1543
6%
1545
6%
1548
6%
1551
6%
1567
6%
1571
6%
1612
6%
1614
6%
1615
6%
1627
6%
1638
6%
1649
6%
1668
6%
1669
6%
1683
6%
1707
6%
1710
6%
1731
6%
1735
6%
1761
6%
1765
6%
1767
6%
1768
6%
1777
6%
1780
6%
1781
6%
1782
6%
1792
6%
1794
6%
1800
6%
1801
6%
1802
6%
1803
6%
1804
6%
1805
6%
1806
6%
1807
6%
1809
6%
1810
6%
1812
6%
1813
6%
1814
6%
1815
6%
1816
6%
1817
6%
1824
6%
1827
6%
1832
6%
1834
6%
1881
6%
1891
6%
1908
6%
1934
6%
1936
6%
1937
6%
1941
6%
1951
6%
1958
6%
1961
6%
1963
6%
1967
6%
1972
6%
1973
6%
1975
6%
1976
6%
1977
6%
1978
6%
1980
6%
1982
6%
1986
6%
1987
6%
1990
6%
1991
6%
1992
6%
1993
6%
1994
6%
1995
6%
1996
6%
1998
6%
2028
6%
2029
6%
2030
6%
2031
6%
2035
6%
2038
6%
2039
6%
2041
6%
2043
6%
2047
6%
2055
6%
2100
6%
2110
6%
2127
6%
2154
6%
2212
6%
2221
6%
2224
6%
2225
6%
2228
6%
2232
6%
2277
6%
2345
6%
2927
6%
2987
6%
3004
6%
3005
6%
3006
6%
3007
6%
3008
6%
3009
6%
3010
6%
3011
6%
3015
6%
3021
6%
3121
6%
3134
6%
3163
6%
3233
6%
3274
6%
3330
6%
3338
6%
3414
6%
3426
6%
3435
6%
3456
6%
3525
6%
3546
6%
3737
6%
4003
6%
4004
6%
4005
6%
4006
6%
4007
6%
4008
6%
4009
6%
4010
6%
4011
6%
4016
6%
4017
6%
4021
6%
4242
6%
4243
6%
4245
6%
4314
6%
4321
6%
4345
6%
4354
6%
4512
6%
4564
6%
4657
6%
5003
6%
5004
6%
5005
6%
5006
6%
5007
6%
5008
6%
5009
6%
5010
6%
5021
6%
5027
6%
5111
6%
5114
6%
5121
6%
5123
6%
5354
6%
5425
6%
5434
6%
5457
6%
5475
6%
5547
6%
5672
6%
5678
6%
5868
6%
6002
6%
6003
6%
6004
6%
6005
6%
6006
6%
6007
6%
6008
6%
6009
6%
6010
6%
6012
6%
6021
6%
6200
6%
6432
6%
6465
6%
6540
6%
6541
6%
6548
6%
6564
6%
6789
6%
6876
6%
7002
6%
7003
6%
7004
6%
7005
6%
7006
6%
7007
6%
7008
6%
7009
6%
7010
6%
7021
6%
7400
6%
7410
6%
7415
6%
7637
6%
7979
6%
8002
6%
8003
6%
8004
6%
8005
6%
8006
6%
8007
6%
8008
6%
8009
6%
8010
6%
8018
6%
8400
6%
8542
6%
8754
6%
8765
6%
9002
6%
9003
6%
9006
6%
9007
6%
9008
6%
9009
6%
9101
6%
9122
6%
9874
6%
9879
6%
9900
6%
9911
6%
9913
6%
9980
6%
9989
6%
1088
4%
1120
4%
1135
4%
1136
4%
1137
4%
1138
4%
1139
4%
1141
4%
1142
4%
1143
4%
1146
4%
1148
4%
1149
4%
1150
4%
1152
4%
1153
4%
1157
4%
1158
4%
1159
4%
1161
4%
1164
4%
1165
4%
1171
4%
1175
4%
1176
4%
1178
4%
1180
4%
1186
4%
1190
4%
1191
4%
1198
4%
1201
4%
1202
4%
1204
4%
1205
4%
1206
4%
1207
4%
1208
4%
1209
4%
1210
4%
1211
4%
1214
4%
1215
4%
1217
4%
1220
4%
1226
4%
1239
4%
1242
4%
1243
4%
1244
4%
1249
4%
1256
4%
1265
4%
1266
4%
1267
4%
1268
4%
1270
4%
1272
4%
1274
4%
1279
4%
1280
4%
1281
4%
1282
4%
1283
4%
1284
4%
1286
4%
1287
4%
1288
4%
1294
4%
1298
4%
1299
4%
1301
4%
1302
4%
1303
4%
1304
4%
1305
4%
1306
4%
1307
4%
1308
4%
1309
4%
1310
4%
1311
4%
1312
4%
1313
4%
1314
4%
1316
4%
1317
4%
1320
4%
1321
4%
1323
4%
1325
4%
1326
4%
1327
4%
1331
4%
1342
4%
1354
4%
1356
4%
1371
4%
1372
4%
1379
4%
1380
4%
1381
4%
1382
4%
1387
4%
1400
4%
1401
4%
1402
4%
1403
4%
1404
4%
1405
4%
1406
4%
1407
4%
1408
4%
1409
4%
1410
4%
1411
4%
1413
4%
1415
4%
1416
4%
1431
4%
1434
4%
1435
4%
1444
4%
1445
4%
1446
4%
1447
4%
1448
4%
1449
4%
1450
4%
1455
4%
1457
4%
1460
4%
1461
4%
1462
4%
1463
4%
1472
4%
1476
4%
1478
4%
1494
4%
1498
4%
1500
4%
1501
4%
1502
4%
1503
4%
1504
4%
1505
4%
1506
4%
1508
4%
1509
4%
1517
4%
1519
4%
1523
4%
1524
4%
1527
4%
1534
4%
1536
4%
1537
4%
1544
4%
1550
4%
1552
4%
1554
4%
1557
4%
1558
4%
1561
4%
1565
4%
1568
4%
1570
4%
1574
4%
1578
4%
1585
4%
1589
4%
1591
4%
1600
4%
1601
4%
1602
4%
1603
4%
1604
4%
1605
4%
1606
4%
1607
4%
1608
4%
1609
4%
1610
4%
1611
4%
1613
4%
1618
4%
1620
4%
1621
4%
1624
4%
1637
4%
1639
4%
1646
4%
1651
4%
1653
4%
1654
4%
1657
4%
1660
4%
1661
4%
1662
4%
1663
4%
1664
4%
1665
4%
1667
4%
1671
4%
1672
4%
1675
4%
1684
4%
1685
4%
1689
4%
1700
4%
1701
4%
1702
4%
1703
4%
1704
4%
1705
4%
1706
4%
1708
4%
1709
4%
1711
4%
1712
4%
1713
4%
1714
4%
1715
4%
1718
4%
1724
4%
1725
4%
1727
4%
1729
4%
1730
4%
1732
4%
1733
4%
1736
4%
1737
4%
1738
4%
1739
4%
1740
4%
1741
4%
1742
4%
1743
4%
1744
4%
1745
4%
1746
4%
1747
4%
1748
4%
1749
4%
1750
4%
1751
4%
1752
4%
1753
4%
1754
4%
1755
4%
1756
4%
1757
4%
1758
4%
1759
4%
1760
4%
1762
4%
1764
4%
1766
4%
1769
4%
1770
4%
1771
4%
1772
4%
1773
4%
1774
4%
1775
4%
1776
4%
1778
4%
1779
4%
1783
4%
1784
4%
1786
4%
1787
4%
1788
4%
1789
4%
1790
4%
1791
4%
1793
4%
1795
4%
1796
4%
1797
4%
1798
4%
1799
4%
1808
4%
1818
4%
1819
4%
1820
4%
1821
4%
1822
4%
1823
4%
1825
4%
1826
4%
1828
4%
1829
4%
1830
4%
1831
4%
1833
4%
1835
4%
1836
4%
1837
4%
1838
4%
1839
4%
1840
4%
1841
4%
1842
4%
1843
4%
1844
4%
1845
4%
1846
4%
1847
4%
1848
4%
1849
4%
1853
4%
1854
4%
1858
4%
1861
4%
1864
4%
1866
4%
1873
4%
1876
4%
1880
4%
1888
4%
1892
4%
1894
4%
1900
4%
1902
4%
1903
4%
1904
4%
1905
4%
1906
4%
1907
4%
1909
4%
1910
4%
1911
4%
1912
4%
1913
4%
1914
4%
1915
4%
1927
4%
1931
4%
1932
4%
1935
4%
1938
4%
1939
4%
1940
4%
1942
4%
1943
4%
1944
4%
1945
4%
1946
4%
1947
4%
1948
4%
1949
4%
1950
4%
1952
4%
1953
4%
1954
4%
1955
4%
1956
4%
1957
4%
1959
4%
1960
4%
1962
4%
1964
4%
1965
4%
1966
4%
1968
4%
1969
4%
1970
4%
1971
4%
1974
4%
1979
4%
1981
4%
1983
4%
1984
4%
1985
4%
1988
4%
1989
4%
2032
4%
2033
4%
2034
4%
2036
4%
2037
4%
2040
4%
2042
4%
2044
4%
2045
4%
2046
4%
2048
4%
2050
4%
2052
4%
2053
4%
2054
4%
2056
4%
2057
4%
2058
4%
2059
4%
2065
4%
2067
4%
2069
4%
2086
4%
2088
4%
2089
4%
2092
4%
2101
4%
2103
4%
2104
4%
2105
4%
2106
4%
2107
4%
2108
4%
2109
4%
2112
4%
2113
4%
2114
4%
2115
4%
2121
4%
2122
4%
2123
4%
2124
4%
2125
4%
2126
4%
2128
4%
2129
4%
2132
4%
2134
4%
2152
4%
2165
4%
2211
4%
2220
4%
2226
4%
2227
4%
2229
4%
2230
4%
2231
4%
2234
4%
2235
4%
2236
4%
2237
4%
2238
4%
2241
4%
2245
4%
2252
4%
2300
4%
2301
4%
2304
4%
2307
4%
2325
4%
2326
4%
2335
4%
2336
4%
2337
4%
2338
4%
2342
4%
2412
4%
2422
4%
2424
4%
2437
4%
2443
4%
2447
4%
2448
4%
2451
4%
2452
4%
2454
4%
2456
4%
2461
4%
2500
4%
2501
4%
2504
4%
2505
4%
2506
4%
2518
4%
2519
4%
2522
4%
2526
4%
2527
4%
2534
4%
2541
4%
2542
4%
2543
4%
2562
4%
2563
4%
2567
4%
2590
4%
2600
4%
2603
4%
2625
4%
2630
4%
2700
4%
2727
4%
2752
4%
2782
4%
2786
4%
2789
4%
2800
4%
2869
4%
2872
4%
2875
4%
2892
4%
2900
4%
2920
4%
2937
4%
2955
4%
2982
4%
2990
4%
2994
4%
2999
4%
3012
4%
3013
4%
3014
4%
3016
4%
3017
4%
3018
4%
3019
4%
3020
4%
3022
4%
3023
4%
3024
4%
3025
4%
3026
4%
3027
4%
3056
4%
3101
4%
3126
4%
3127
4%
3131
4%
3132
4%
3195
4%
3210
4%
3214
4%
3216
4%
3218
4%
3232
4%
3245
4%
3254
4%
3256
4%
3261
4%
3265
4%
3301
4%
3331
4%
3337
4%
3339
4%
3340
4%
3343
4%
3346
4%
3355
4%
3399
4%
3415
4%
3416
4%
3452
4%
3457
4%
3458
4%
3463
4%
3478
4%
3528
4%
3535
4%
3544
4%
3564
4%
3567
4%
3583
4%
3625
4%
3635
4%
3636
4%
3672
4%
3682
4%
3726
4%
3728
4%
3834
4%
3836
4%
3990
4%
3993
4%
3994
4%
3999
4%
4012
4%
4013
4%
4014
4%
4015
4%
4018
4%
4019
4%
4020
4%
4022
4%
4023
4%
4024
4%
4025
4%
4026
4%
4027
4%
4040
4%
4052
4%
4054
4%
4057
4%
4100
4%
4125
4%
4143
4%
4152
4%
4154
4%
4171
4%
4172
4%
4174
4%
4194
4%
4200
4%
4230
4%
4323
4%
4325
4%
4343
4%
4356
4%
4364
4%
4400
4%
4401
4%
4411
4%
4434
4%
4445
4%
4447
4%
4488
4%
4499
4%
4531
4%
4533
4%
4536
4%
4537
4%
4546
4%
4563
4%
4565
4%
4567
4%
4576
4%
4623
4%
4653
4%
4667
4%
4684
4%
4724
4%
4725
4%
4757
4%
4854
4%
4893
4%
4894
4%
4924
4%
4959
4%
4984
4%
4999
4%
5011
4%
5012
4%
5013
4%
5014
4%
5015
4%
5016
4%
5017
4%
5018
4%
5019
4%
5020
4%
5022
4%
5023
4%
5024
4%
5025
4%
5026
4%
5047
4%
5055
4%
5057
4%
5097
4%
5104
4%
5105
4%
5106
4%
5107
4%
5108
4%
5109
4%
5110
4%
5112
4%
5113
4%
5122
4%
5124
4%
5125
4%
5126
4%
5127
4%
5130
4%
5135
4%
5142
4%
5143
4%
5144
4%
5152
4%
5156
4%
5161
4%
5189
4%
5191
4%
5212
4%
5245
4%
5254
4%
5342
4%
5345
4%
5356
4%
5369
4%
5374
4%
5382
4%
5400
4%
5401
4%
5412
4%
5416
4%
5418
4%
5432
4%
5438
4%
5452
4%
5455
4%
5456
4%
5467
4%
5500
4%
5566
4%
5577
4%
5578
4%
5624
4%
5634
4%
5647
4%
5676
4%
5685
4%
5745
4%
5747
4%
5754
4%
5778
4%
5858
4%
5865
4%
5965
4%
5974
4%
5978
4%
5986
4%
6011
4%
6013
4%
6014
4%
6015
4%
6016
4%
6017
4%
6018
4%
6019
4%
6020
4%
6022
4%
6023
4%
6024
4%
6025
4%
6026
4%
6027
4%
6054
4%
6057
4%
6058
4%
6100
4%
6110
4%
6121
4%
6125
4%
6190
4%
6212
4%
6216
4%
6295
4%
6300
4%
6301
4%
6345
4%
6371
4%
6400
4%
6436
4%
6442
4%
6454
4%
6463
4%
6468
4%
6473
4%
6476
4%
6487
4%
6500
4%
6532
4%
6545
4%
6546
4%
6549
4%
6554
4%
6556
4%
6567
4%
6600
4%
6646
4%
6699
4%
6700
4%
6701
4%
6726
4%
6753
4%
6754
4%
6778
4%
6782
4%
6800
4%
6854
4%
6878
4%
6900
4%
6997
4%
7011
4%
7012
4%
7013
4%
7014
4%
7015
4%
7016
4%
7017
4%
7018
4%
7019
4%
7020
4%
7022
4%
7023
4%
7024
4%
7025
4%
7026
4%
7027
4%
7054
4%
7056
4%
7057
4%
7086
4%
7100
4%
7142
4%
7171
4%
7200
4%
7237
4%
7276
4%
7287
4%
7300
4%
7351
4%
7401
4%
7404
4%
7412
4%
7413
4%
7416
4%
7417
4%
7432
4%
7434
4%
7465
4%
7500
4%
7527
4%
7567
4%
7575
4%
7600
4%
7601
4%
7627
4%
7632
4%
7645
4%
7650
4%
7654
4%
7657
4%
7685
4%
7700
4%
7775
4%
7786
4%
7800
4%
7837
4%
7845
4%
7847
4%
7877
4%
7900
4%
7978
4%
7987
4%
7996
4%
7997
4%
7999
4%
8011
4%
8012
4%
8013
4%
8016
4%
8017
4%
8021
4%
8045
4%
8055
4%
8076
4%
8100
4%
8110
4%
8128
4%
8167
4%
8178
4%
8190
4%
8200
4%
8201
4%
8263
4%
8264
4%
8286
4%
8300
4%
8301
4%
8392
4%
8398
4%
8401
4%
8413
4%
8418
4%
8453
4%
8464
4%
8468
4%
8500
4%
8520
4%
8534
4%
8538
4%
8562
4%
8563
4%
8567
4%
8600
4%
8638
4%
8652
4%
8700
4%
8701
4%
8752
4%
8758
4%
8764
4%
8797
4%
8818
4%
8820
4%
8889
4%
8899
4%
8901
4%
8936
4%
8956
4%
8958
4%
8975
4%
8979
4%
9011
4%
9012
4%
9013
4%
9014
4%
9017
4%
9021
4%
9024
4%
9026
4%
9056
4%
9057
4%
9086
4%
9100
4%
9114
4%
9121
4%
9123
4%
9125
4%
9167
4%
9200
4%
9201
4%
9245
4%
9283
4%
9300
4%
9372
4%
9389
4%
9400
4%
9496
4%
9500
4%
9567
4%
9598
4%
9600
4%
9630
4%
9700
4%
9752
4%
9800
4%
9801
4%
9809
4%
9811
4%
9814
4%
9823
4%
9832
4%
9833
4%
9841
4%
9846
4%
9847
4%
9849
4%
9867
4%
9885
4%
9886
4%
9888
4%
9901
4%
9908
4%
9909
4%
9910
4%
9912
4%
9914
4%
9915
4%
9916
4%
9917
4%
9918
4%
9919
4%
9920
4%
9921
4%
9922
4%
9923
4%
9924
4%
9925
4%
9926
4%
9927
4%
9928
4%
9929
4%
9979
4%
9981
4%
9983
4%
1160
2%
1162
2%
1163
2%
1167
2%
1168
2%
1169
2%
1170
2%
1172
2%
1173
2%
1174
2%
1179
2%
1181
2%
1182
2%
1183
2%
1184
2%
1185
2%
1187
2%
1189
2%
1192
2%
1193
2%
1194
2%
1195
2%
1196
2%
1197
2%
1216
2%
1218
2%
1219
2%
1240
2%
1246
2%
1247
2%
1248
2%
1250
2%
1252
2%
1253
2%
1254
2%
1257
2%
1258
2%
1259
2%
1260
2%
1261
2%
1262
2%
1263
2%
1269
2%
1271
2%
1273
2%
1275
2%
1276
2%
1278
2%
1289
2%
1290
2%
1291
2%
1292
2%
1293
2%
1295
2%
1296
2%
1297
2%
1318
2%
1319
2%
1322
2%
1328
2%
1329
2%
1330
2%
1332
2%
1334
2%
1335
2%
1336
2%
1337
2%
1338
2%
1339
2%
1340
2%
1341
2%
1343
2%
1344
2%
1346
2%
1347
2%
1348
2%
1349
2%
1350
2%
1351
2%
1352
2%
1353
2%
1355
2%
1357
2%
1358
2%
1359
2%
1360
2%
1362
2%
1363
2%
1364
2%
1365
2%
1366
2%
1367
2%
1368
2%
1369
2%
1370
2%
1373
2%
1374
2%
1375
2%
1376
2%
1377
2%
1378
2%
1383
2%
1384
2%
1385
2%
1386
2%
1388
2%
1389
2%
1390
2%
1391
2%
1392
2%
1393
2%
1394
2%
1395
2%
1396
2%
1397
2%
1398
2%
1399
2%
1419
2%
1420
2%
1421
2%
1422
2%
1423
2%
1424
2%
1425
2%
1426
2%
1428
2%
1429
2%
1430
2%
1432
2%
1433
2%
1436
2%
1437
2%
1438
2%
1439
2%
1440
2%
1443
2%
1458
2%
1459
2%
1464
2%
1465
2%
1466
2%
1467
2%
1468
2%
1469
2%
1470
2%
1473
2%
1474
2%
1477
2%
1479
2%
1480
2%
1481
2%
1482
2%
1483
2%
1484
2%
1485
2%
1486
2%
1487
2%
1488
2%
1489
2%
1490
2%
1491
2%
1492
2%
1493
2%
1495
2%
1496
2%
1497
2%
1499
2%
1520
2%
1521
2%
1522
2%
1525
2%
1526
2%
1528
2%
1529
2%
1530
2%
1531
2%
1533
2%
1535
2%
1538
2%
1539
2%
1540
2%
1542
2%
1546
2%
1547
2%
1549
2%
1553
2%
1555
2%
1556
2%
1559
2%
1560
2%
1562
2%
1563
2%
1564
2%
1566
2%
1569
2%
1572
2%
1573
2%
1575
2%
1576
2%
1577
2%
1579
2%
1580
2%
1581
2%
1582
2%
1583
2%
1584
2%
1586
2%
1587
2%
1588
2%
1590
2%
1592
2%
1593
2%
1594
2%
1595
2%
1596
2%
1597
2%
1598
2%
1599
2%
1616
2%
1617
2%
1619
2%
1622
2%
1623
2%
1625
2%
1626
2%
1628
2%
1629
2%
1630
2%
1631
2%
1632
2%
1633
2%
1634
2%
1635
2%
1636
2%
1640
2%
1641
2%
1642
2%
1643
2%
1644
2%
1645
2%
1647
2%
1648
2%
1650
2%
1652
2%
1655
2%
1656
2%
1658
2%
1659
2%
1670
2%
1673
2%
1674
2%
1676
2%
1677
2%
1678
2%
1679
2%
1680
2%
1681
2%
1682
2%
1686
2%
1687
2%
1688
2%
1690
2%
1691
2%
1692
2%
1693
2%
1694
2%
1695
2%
1696
2%
1697
2%
1698
2%
1699
2%
1716
2%
1717
2%
1719
2%
1720
2%
1721
2%
1722
2%
1723
2%
1726
2%
1728
2%
1850
2%
1851
2%
1852
2%
1855
2%
1856
2%
1857
2%
1859
2%
1860
2%
1862
2%
1863
2%
1865
2%
1870
2%
1871
2%
1872
2%
1874
2%
1875
2%
1877
2%
1878
2%
1879
2%
1882
2%
1883
2%
1884
2%
1885
2%
1886
2%
1887
2%
1889
2%
1890
2%
1893
2%
1895
2%
1896
2%
1897
2%
1898
2%
1899
2%
1916
2%
1917
2%
1918
2%
1919
2%
1920
2%
1921
2%
1922
2%
1923
2%
1924
2%
1925
2%
1926
2%
1928
2%
1929
2%
1930
2%
1933
2%
2049
2%
2051
2%
2060
2%
2061
2%
2062
2%
2063
2%
2064
2%
2066
2%
2068
2%
2070
2%
2071
2%
2072
2%
2073
2%
2074
2%
2075
2%
2076
2%
2077
2%
2078
2%
2079
2%
2080
2%
2081
2%
2082
2%
2083
2%
2084
2%
2085
2%
2087
2%
2090
2%
2091
2%
2093
2%
2094
2%
2095
2%
2096
2%
2097
2%
2098
2%
2099
2%
2102
2%
2116
2%
2117
2%
2118
2%
2119
2%
2120
2%
2130
2%
2131
2%
2133
2%
2143
2%
2146
2%
2147
2%
2148
2%
2149
2%
2150
2%
2151
2%
2153
2%
2161
2%
2167
2%
2172
2%
2179
2%
2181
2%
2186
2%
2189
2%
2198
2%
2200
2%
2201
2%
2210
2%
2213
2%
2214
2%
2215
2%
2216
2%
2217
2%
2218
2%
2219
2%
2233
2%
2239
2%
2242
2%
2243
2%
2244
2%
2254
2%
2255
2%
2256
2%
2266
2%
2270
2%
2271
2%
2279
2%
2286
2%
2287
2%
2288
2%
2294
2%
2299
2%
2303
2%
2305
2%
2306
2%
2308
2%
2309
2%
2310
2%
2311
2%
2312
2%
2314
2%
2315
2%
2321
2%
2322
2%
2323
2%
2324
2%
2327
2%
2328
2%
2329
2%
2330
2%
2331
2%
2332
2%
2333
2%
2334
2%
2339
2%
2340
2%
2341
2%
2343
2%
2346
2%
2348
2%
2352
2%
2354
2%
2356
2%
2358
2%
2365
2%
2372
2%
2376
2%
2378
2%
2379
2%
2384
2%
2387
2%
2394
2%
2398
2%
2400
2%
2401
2%
2403
2%
2411
2%
2415
2%
2418
2%
2421
2%
2423
2%
2425
2%
2427
2%
2429
2%
2432
2%
2442
2%
2444
2%
2445
2%
2446
2%
2449
2%
2450
2%
2453
2%
2455
2%
2457
2%
2462
2%
2475
2%
2477
2%
2478
2%
2479
2%
2481
2%
2483
2%
2485
2%
2489
2%
2491
2%
2502
2%
2503
2%
2507
2%
2508
2%
2509
2%
2512
2%
2513
2%
2515
2%
2525
2%
2528
2%
2529
2%
2533
2%
2538
2%
2547
2%
2548
2%
2552
2%
2554
2%
2561
2%
2564
2%
2568
2%
2571
2%
2578
2%
2582
2%
2592
2%
2598
2%
2601
2%
2604
2%
2614
2%
2616
2%
2619
2%
2621
2%
2628
2%
2629
2%
2635
2%
2638
2%
2645
2%
2647
2%
2651
2%
2652
2%
2658
2%
2670
2%
2671
2%
2672
2%
2673
2%
2678
2%
2681
2%
2691
2%
2692
2%
2701
2%
2704
2%
2710
2%
2718
2%
2720
2%
2724
2%
2725
2%
2726
2%
2728
2%
2731
2%
2737
2%
2748
2%
2749
2%
2756
2%
2758
2%
2762
2%
2765
2%
2766
2%
2767
2%
2769
2%
2774
2%
2777
2%
2783
2%
2788
2%
2792
2%
2801
2%
2802
2%
2808
2%
2810
2%
2812
2%
2817
2%
2819
2%
2825
2%
2827
2%
2836
2%
2837
2%
2838
2%
2846
2%
2856
2%
2862
2%
2870
2%
2871
2%
2873
2%
2876
2%
2880
2%
2884
2%
2888
2%
2890
2%
2891
2%
2896
2%
2897
2%
2899
2%
2901
2%
2908
2%
2909
2%
2915
2%
2916
2%
2917
2%
2918
2%
2921
2%
2922
2%
2923
2%
2924
2%
2925
2%
2929
2%
2938
2%
2945
2%
2948
2%
2949
2%
2954
2%
2956
2%
2957
2%
2958
2%
2959
2%
2960
2%
2963
2%
2965
2%
2967
2%
2972
2%
2983
2%
2985
2%
2988
2%
2989
2%
2991
2%
2992
2%
2993
2%
2995
2%
2996
2%
2997
2%
2998
2%
3028
2%
3030
2%
3031
2%
3034
2%
3035
2%
3039
2%
3041
2%
3047
2%
3052
2%
3053
2%
3054
2%
3055
2%
3057
2%
3058
2%
3059
2%
3062
2%
3065
2%
3069
2%
3073
2%
3074
2%
3076
2%
3078
2%
3086
2%
3092
2%
3094
2%
3097
2%
3100
2%
3104
2%
3105
2%
3106
2%
3107
2%
3108
2%
3109
2%
3110
2%
3111
2%
3112
2%
3113
2%
3114
2%
3122
2%
3123
2%
3124
2%
3125
2%
3128
2%
3129
2%
3130
2%
3138
2%
3140
2%
3144
2%
3145
2%
3165
2%
3183
2%
3185
2%
3191
2%
3192
2%
3193
2%
3194
2%
3196
2%
3197
2%
3198
2%
3200
2%
3201
2%
3205
2%
3211
2%
3212
2%
3213
2%
3215
2%
3217
2%
3219
2%
3220
2%
3221
2%
3222
2%
3223
2%
3224
2%
3225
2%
3226
2%
3227
2%
3228
2%
3229
2%
3230
2%
3234
2%
3258
2%
3268
2%
3271
2%
3282
2%
3283
2%
3285
2%
3287
2%
3294
2%
3295
2%
3300
2%
3311
2%
3322
2%
3323
2%
3332
2%
3334
2%
3335
2%
3336
2%
3342
2%
3344
2%
3345
2%
3354
2%
3360
2%
3366
2%
3370
2%
3377
2%
3387
2%
3388
2%
3400
2%
3401
2%
3410
2%
3411
2%
3412
2%
3413
2%
3418
2%
3421
2%
3425
2%
3427
2%
3428
2%
3433
2%
3441
2%
3443
2%
3444
2%
3445
2%
3450
2%
3451
2%
3453
2%
3459
2%
3461
2%
3464
2%
3465
2%
3467
2%
3468
2%
3469
2%
3471
2%
3472
2%
3475
2%
3476
2%
3487
2%
3489
2%
3500
2%
3501
2%
3526
2%
3529
2%
3532
2%
3538
2%
3541
2%
3545
2%
3548
2%
3561
2%
3562
2%
3568
2%
3569
2%
3577
2%
3579
2%
3592
2%
3600
2%
3601
2%
3612
2%
3613
2%
3614
2%
3621
2%
3626
2%
3629
2%
3633
2%
3639
2%
3645
2%
3646
2%
3653
2%
3654
2%
3656
2%
3670
2%
3673
2%
3678
2%
3679
2%
3685
2%
3690
2%
3691
2%
3695
2%
3700
2%
3701
2%
3703
2%
3723
2%
3724
2%
3725
2%
3727
2%
3730
2%
3733
2%
3735
2%
3736
2%
3738
2%
3739
2%
3742
2%
3743
2%
3744
2%
3745
2%
3749
2%
3753
2%
3765
2%
3780
2%
3783
2%
3784
2%
3793
2%
3798
2%
3799
2%
3800
2%
3801
2%
3802
2%
3809
2%
3816
2%
3824
2%
3825
2%
3827
2%
3837
2%
3838
2%
3839
2%
3844
2%
3845
2%
3849
2%
3856
2%
3872
2%
3876
2%
3882
2%
3892
2%
3893
2%
3896
2%
3900
2%
3901
2%
3902
2%
3926
2%
3934
2%
3947
2%
3949
2%
3981
2%
3982
2%
3986
2%
3991
2%
3992
2%
3995
2%
3996
2%
3997
2%
3998
2%
4031
2%
4035
2%
4037
2%
4041
2%
4044
2%
4046
2%
4047
2%
4048
2%
4049
2%
4053
2%
4055
2%
4056
2%
4058
2%
4059
2%
4064
2%
4065
2%
4069
2%
4081
2%
4086
2%
4096
2%
4101
2%
4104
2%
4105
2%
4106
2%
4107
2%
4108
2%
4109
2%
4110
2%
4111
2%
4112
2%
4113
2%
4114
2%
4121
2%
4122
2%
4123
2%
4124
2%
4126
2%
4127
2%
4128
2%
4129
2%
4130
2%
4131
2%
4132
2%
4133
2%
4134
2%
4136
2%
4141
2%
4144
2%
4145
2%
4153
2%
4155
2%
4156
2%
4173
2%
4178
2%
4189
2%
4201
2%
4212
2%
4224
2%
4231
2%
4232
2%
4233
2%
4244
2%
4252
2%
4253
2%
4256
2%
4273
2%
4274
2%
4289
2%
4292
2%
4294
2%
4300
2%
4301
2%
4315
2%
4324
2%
4326
2%
4329
2%
4332
2%
4342
2%
4347
2%
4349
2%
4367
2%
4378
2%
4384
2%
4385
2%
4394
2%
4398
2%
4399
2%
4402
2%
4403
2%
4404
2%
4405
2%
4406
2%
4407
2%
4408
2%
4409
2%
4410
2%
4412
2%
4413
2%
4414
2%
4415
2%
4416
2%
4417
2%
4418
2%
4419
2%
4420
2%
4421
2%
4422
2%
4424
2%
4425
2%
4429
2%
4433
2%
4441
2%
4442
2%
4443
2%
4446
2%
4448
2%
4449
2%
4453
2%
4454
2%
4455
2%
4463
2%
4466
2%
4477
2%
4494
2%
4500
2%
4501
2%
4505
2%
4507
2%
4508
2%
4509
2%
4514
2%
4515
2%
4517
2%
4519
2%
4523
2%
4524
2%
4527
2%
4528
2%
4530
2%
4532
2%
4538
2%
4541
2%
4543
2%
4544
2%
4547
2%
4552
2%
4554
2%
4555
2%
4556
2%
4557
2%
4560
2%
4561
2%
4562
2%
4566
2%
4568
2%
4569
2%
4575
2%
4578
2%
4579
2%
4586
2%
4589
2%
4590
2%
4591
2%
4592
2%
4594
2%
4596
2%
4598
2%
4600
2%
4601
2%
4611
2%
4615
2%
4616
2%
4628
2%
4638
2%
4646
2%
4647
2%
4648
2%
4651
2%
4654
2%
4655
2%
4656
2%
4661
2%
4664
2%
4671
2%
4679
2%
4683
2%
4687
2%
4688
2%
4694
2%
4699
2%
4700
2%
4701
2%
4727
2%
4728
2%
4729
2%
4735
2%
4737
2%
4738
2%
4739
2%
4742
2%
4744
2%
4745
2%
4746
2%
4747
2%
4748
2%
4749
2%
4751
2%
4752
2%
4762
2%
4763
2%
4764
2%
4768
2%
4782
2%
4784
2%
4785
2%
4786
2%
4800
2%
4801
2%
4826
2%
4827
2%
4834
2%
4849
2%
4864
2%
4884
2%
4892
2%
4901
2%
4912
2%
4926
2%
4935
2%
4938
2%
4950
2%
4951
2%
4952
2%
4953
2%
4964
2%
4967
2%
4976
2%
4978
2%
4981
2%
4985
2%
4986
2%
4987
2%
4990
2%
4991
2%
4992
2%
4993
2%
4994
2%
4995
2%
4996
2%
4997
2%
4998
2%
5031
2%
5035
2%
5041
2%
5045
2%
5048
2%
5052
2%
5053
2%
5054
2%
5056
2%
5058
2%
5059
2%
5065
2%
5069
2%
5078
2%
5086
2%
5100
2%
5101
2%
5102
2%
5103
2%
5115
2%
5116
2%
5117
2%
5118
2%
5119
2%
5120
2%
5128
2%
5129
2%
5131
2%
5132
2%
5133
2%
5134
2%
5137
2%
5140
2%
5141
2%
5145
2%
5146
2%
5147
2%
5148
2%
5149
2%
5150
2%
5151
2%
5153
2%
5154
2%
5155
2%
5164
2%
5165
2%
5167
2%
5169
2%
5173
2%
5175
2%
5178
2%
5184
2%
5196
2%
5200
2%
5202
2%
5215
2%
5216
2%
5230
2%
5234
2%
5236
2%
5242
2%
5251
2%
5255
2%
5256
2%
5258
2%
5267
2%
5273
2%
5274
2%
5289
2%
5293
2%
5300
2%
5301
2%
5313
2%
5314
2%
5317
2%
5320
2%
5321
2%
5325
2%
5326
2%
5328
2%
5329
2%
5332
2%
5335
2%
5341
2%
5346
2%
5349
2%
5352
2%
5353
2%
5357
2%
5359
2%
5361
2%
5362
2%
5364
2%
5368
2%
5380
2%
5383
2%
5385
2%
5389
2%
5402
2%
5403
2%
5404
2%
5405
2%
5406
2%
5407
2%
5408
2%
5409
2%
5410
2%
5411
2%
5413
2%
5414
2%
5415
2%
5417
2%
5419
2%
5420
2%
5421
2%
5424
2%
5426
2%
5427
2%
5442
2%
5444
2%
5445
2%
5447
2%
5451
2%
5453
2%
5454
2%
5460
2%
5464
2%
5474
2%
5476
2%
5477
2%
5486
2%
5487
2%
5491
2%
5498
2%
5499
2%
5501
2%
5505
2%
5510
2%
5511
2%
5512
2%
5515
2%
5521
2%
5522
2%
5523
2%
5524
2%
5525
2%
5526
2%
5528
2%
5533
2%
5542
2%
5544
2%
5545
2%
5546
2%
5552
2%
5554
2%
5557
2%
5558
2%
5563
2%
5568
2%
5575
2%
5588
2%
5599
2%
5600
2%
5601
2%
5614
2%
5615
2%
5621
2%
5622
2%
5623
2%
5625
2%
5626
2%
5627
2%
5629
2%
5632
2%
5635
2%
5636
2%
5638
2%
5639
2%
5643
2%
5645
2%
5646
2%
5648
2%
5649
2%
5654
2%
5655
2%
5671
2%
5673
2%
5675
2%
5677
2%
5679
2%
5682
2%
5686
2%
5689
2%
5690
2%
5698
2%
5700
2%
5701
2%
5705
2%
5707
2%
5724
2%
5739
2%
5740
2%
5741
2%
5742
2%
5743
2%
5744
2%
5746
2%
5748
2%
5749
2%
5750
2%
5751
2%
5752
2%
5753
2%
5755
2%
5757
2%
5758
2%
5764
2%
5765
2%
5768
2%
5783
2%
5785
2%
5787
2%
5788
2%
5794
2%
5796
2%
5800
2%
5801
2%
5821
2%
5822
2%
5823
2%
5829
2%
5849
2%
5852
2%
5862
2%
5876
2%
5883
2%
5892
2%
5900
2%
5901
2%
5928
2%
5934
2%
5946
2%
5949
2%
5954
2%
5955
2%
5957
2%
5975
2%
5977
2%
5985
2%
5988
2%
5990
2%
5991
2%
5992
2%
5993
2%
5994
2%
5995
2%
5996
2%
5997
2%
5998
2%
5999
2%
6031
2%
6035
2%
6041
2%
6047
2%
6052
2%
6053
2%
6055
2%
6056
2%
6059
2%
6065
2%
6069
2%
6075
2%
6086
2%
6101
2%
6104
2%
6105
2%
6106
2%
6107
2%
6108
2%
6109
2%
6111
2%
6112
2%
6113
2%
6114
2%
6122
2%
6123
2%
6124
2%
6126
2%
6127
2%
6128
2%
6129
2%
6130
2%
6131
2%
6132
2%
6133
2%
6134
2%
6137
2%
6138
2%
6151
2%
6154
2%
6166
2%
6178
2%
6201
2%
6202
2%
6206
2%
6213
2%
6214
2%
6215
2%
6217
2%
6218
2%
6230
2%
6238
2%
6243
2%
6252
2%
6255
2%
6256
2%
6257
2%
6261
2%
6262
2%
6264
2%
6266
2%
6284
2%
6286
2%
6289
2%
6292
2%
6296
2%
6318
2%
6324
2%
6326
2%
6327
2%
6341
2%
6342
2%
6343
2%
6346
2%
6349
2%
6353
2%
6354
2%
6358
2%
6362
2%
6363
2%
6372
2%
6373
2%
6376
2%
6378
2%
6385
2%
6389
2%
6391
2%
6401
2%
6407
2%
6413
2%
6414
2%
6415
2%
6425
2%
6426
2%
6434
2%
6435
2%
6439
2%
6444
2%
6446
2%
6451
2%
6453
2%
6455
2%
6456
2%
6464
2%
6466
2%
6467
2%
6470
2%
6474
2%
6491
2%
6492
2%
6496
2%
6501
2%
6505
2%
6512
2%
6513
2%
6514
2%
6516
2%
6518
2%
6521
2%
6522
2%
6523
2%
6524
2%
6525
2%
6526
2%
6527
2%
6536
2%
6542
2%
6551
2%
6552
2%
6555
2%
6557
2%
6565
2%
6566
2%
6575
2%
6578
2%
6583
2%
6585
2%
6586
2%
6587
2%
6589
2%
6590
2%
6591
2%
6592
2%
6598
2%
6601
2%
6611
2%
6622
2%
6633
2%
6644
2%
6653
2%
6654
2%
6655
2%
6664
2%
6667
2%
6671
2%
6676
2%
6677
2%
6678
2%
6683
2%
6686
2%
6688
2%
6694
2%
6698
2%
6705
2%
6708
2%
6711
2%
6717
2%
6721
2%
6723
2%
6724
2%
6725
2%
6728
2%
6737
2%
6739
2%
6742
2%
6745
2%
6746
2%
6747
2%
6752
2%
6756
2%
6757
2%
6760
2%
6764
2%
6765
2%
6768
2%
6783
2%
6784
2%
6786
2%
6801
2%
6814
2%
6816
2%
6822
2%
6835
2%
6836
2%
6843
2%
6844
2%
6845
2%
6846
2%
6847
2%
6849
2%
6856
2%
6871
2%
6873
2%
6874
2%
6877
2%
6890
2%
6895
2%
6897
2%
6901
2%
6918
2%
6949
2%
6958
2%
6962
2%
6963
2%
6984
2%
6987
2%
6990
2%
6991
2%
6992
2%
6993
2%
6994
2%
6995
2%
6996
2%
6998
2%
6999
2%
7031
2%
7035
2%
7039
2%
7041
2%
7045
2%
7047
2%
7052
2%
7053
2%
7055
2%
7058
2%
7059
2%
7065
2%
7069
2%
7084
2%
7094
2%
7101
2%
7104
2%
7105
2%
7106
2%
7107
2%
7108
2%
7109
2%
7110
2%
7111
2%
7112
2%
7113
2%
7114
2%
7115
2%
7121
2%
7122
2%
7123
2%
7124
2%
7125
2%
7126
2%
7127
2%
7128
2%
7129
2%
7130
2%
7131
2%
7132
2%
7133
2%
7134
2%
7135
2%
7141
2%
7143
2%
7144
2%
7145
2%
7148
2%
7154
2%
7157
2%
7158
2%
7170
2%
7184
2%
7186
2%
7187
2%
7201
2%
7212
2%
7229
2%
7230
2%
7242
2%
7243
2%
7245
2%
7246
2%
7252
2%
7253
2%
7254
2%
7255
2%
7256
2%
7261
2%
7262
2%
7263
2%
7265
2%
7268
2%
7271
2%
7272
2%
7277
2%
7281
2%
7285
2%
7289
2%
7293
2%
7295
2%
7301
2%
7317
2%
7318
2%
7327
2%
7333
2%
7336
2%
7342
2%
7352
2%
7354
2%
7357
2%
7358
2%
7362
2%
7365
2%
7367
2%
7372
2%
7375
2%
7376
2%
7378
2%
7383
2%
7393
2%
7399
2%
7402
2%
7403
2%
7405
2%
7406
2%
7407
2%
7408
2%
7409
2%
7411
2%
7414
2%
7419
2%
7427
2%
7429
2%
7431
2%
7433
2%
7435
2%
7438
2%
7451
2%
7452
2%
7454
2%
7455
2%
7456
2%
7457
2%
7462
2%
7463
2%
7471
2%
7472
2%
7473
2%
7475
2%
7477
2%
7478
2%
7489
2%
7501
2%
7507
2%
7510
2%
7514
2%
7517
2%
7523
2%
7528
2%
7535
2%
7543
2%
7544
2%
7545
2%
7546
2%
7547
2%
7548
2%
7560
2%
7563
2%
7564
2%
7574
2%
7577
2%
7582
2%
7592
2%
7604
2%
7619
2%
7624
2%
7625
2%
7628
2%
7640
2%
7649
2%
7653
2%
7658
2%
7670
2%
7673
2%
7674
2%
7675
2%
7676
2%
7677
2%
7686
2%
7687
2%
7694
2%
7695
2%
7697
2%
7698
2%
7699
2%
7701
2%
7709
2%
7711
2%
7722
2%
7733
2%
7736
2%
7744
2%
7755
2%
7757
2%
7765
2%
7766
2%
7780
2%
7785
2%
7788
2%
7797
2%
7799
2%
7801
2%
7806
2%
7809
2%
7824
2%
7828
2%
7829
2%
7834
2%
7838
2%
7842
2%
7844
2%
7846
2%
7849
2%
7854
2%
7856
2%
7861
2%
7864
2%
7865
2%
7868
2%
7876
2%
7882
2%
7884
2%
7887
2%
7890
2%
7892
2%
7894
2%
7895
2%
7896
2%
7897
2%
7898
2%
7901
2%
7905
2%
7950
2%
7952
2%
7954
2%
7958
2%
7967
2%
7974
2%
7986
2%
7990
2%
7991
2%
7992
2%
7993
2%
7994
2%
7995
2%
7998
2%
8014
2%
8015
2%
8019
2%
8020
2%
8022
2%
8023
2%
8024
2%
8025
2%
8026
2%
8027
2%
8028
2%
8031
2%
8035
2%
8041
2%
8047
2%
8048
2%
8052
2%
8053
2%
8054
2%
8056
2%
8057
2%
8058
2%
8059
2%
8065
2%
8067
2%
8069
2%
8073
2%
8079
2%
8085
2%
8086
2%
8101
2%
8104
2%
8105
2%
8106
2%
8107
2%
8108
2%
8109
2%
8111
2%
8112
2%
8113
2%
8114
2%
8121
2%
8122
2%
8123
2%
8124
2%
8125
2%
8126
2%
8127
2%
8129
2%
8130
2%
8131
2%
8132
2%
8133
2%
8134
2%
8151
2%
8153
2%
8154
2%
8155
2%
8165
2%
8176
2%
8189
2%
8191
2%
8192
2%
8193
2%
8209
2%
8212
2%
8225
2%
8228
2%
8230
2%
8245
2%
8254
2%
8259
2%
8262
2%
8265
2%
8272
2%
8273
2%
8276
2%
8278
2%
8279
2%
8289
2%
8290
2%
8291
2%
8294
2%
8318
2%
8320
2%
8328
2%
8343
2%
8350
2%
8352
2%
8365
2%
8366
2%
8367
2%
8369
2%
8383
2%
8386
2%
8387
2%
8394
2%
8402
2%
8403
2%
8404
2%
8405
2%
8406
2%
8407
2%
8408
2%
8409
2%
8410
2%
8411
2%
8412
2%
8414
2%
8415
2%
8416
2%
8417
2%
8419
2%
8423
2%
8427
2%
8428
2%
8435
2%
8452
2%
8457
2%
8458
2%
8462
2%
8465
2%
8467
2%
8469
2%
8470
2%
8478
2%
8482
2%
8484
2%
8486
2%
8492
2%
8493
2%
8496
2%
8497
2%
8498
2%
8499
2%
8501
2%
8504
2%
8518
2%
8521
2%
8522
2%
8523
2%
8524
2%
8525
2%
8526
2%
8529
2%
8532
2%
8540
2%
8543
2%
8545
2%
8547
2%
8549
2%
8554
2%
8570
2%
8575
2%
8577
2%
8578
2%
8584
2%
8587
2%
8596
2%
8601
2%
8615
2%
8623
2%
8625
2%
8636
2%
8637
2%
8653
2%
8670
2%
8675
2%
8687
2%
8688
2%
8689
2%
8708
2%
8722
2%
8725
2%
8726
2%
8728
2%
8733
2%
8753
2%
8756
2%
8760
2%
8761
2%
8762
2%
8763
2%
8767
2%
8768
2%
8777
2%
8782
2%
8787
2%
8796
2%
8798
2%
8800
2%
8811
2%
8812
2%
8822
2%
8827
2%
8833
2%
8844
2%
8855
2%
8856
2%
8866
2%
8868
2%
8877
2%
8878
2%
8881
2%
8885
2%
8895
2%
8900
2%
8909
2%
8914
2%
8915
2%
8916
2%
8925
2%
8926
2%
8940
2%
8941
2%
8943
2%
8949
2%
8953
2%
8961
2%
8973
2%
8978
2%
8990
2%
8991
2%
8992
2%
8993
2%
8994
2%
8995
2%
8996
2%
8997
2%
8998
2%
8999
2%
9015
2%
9016
2%
9018
2%
9019
2%
9020
2%
9022
2%
9023
2%
9025
2%
9027
2%
9028
2%
9031
2%
9035
2%
9041
2%
9046
2%
9047
2%
9052
2%
9053
2%
9054
2%
9055
2%
9058
2%
9059
2%
9065
2%
9069
2%
9078
2%
9079
2%
9080
2%
9087
2%
9088
2%
9089
2%
9090
2%
9091
2%
9092
2%
9093
2%
9094
2%
9095
2%
9096
2%
9097
2%
9098
2%
9099
2%
9104
2%
9105
2%
9106
2%
9107
2%
9108
2%
9109
2%
9110
2%
9111
2%
9112
2%
9113
2%
9117
2%
9118
2%
9119
2%
9120
2%
9124
2%
9126
2%
9127
2%
9128
2%
9129
2%
9130
2%
9131
2%
9132
2%
9133
2%
9134
2%
9147
2%
9156
2%
9158
2%
9159
2%
9164
2%
9170
2%
9171
2%
9173
2%
9179
2%
9187
2%
9190
2%
9197
2%
9212
2%
9241
2%
9253
2%
9254
2%
9267
2%
9272
2%
9273
2%
9276
2%
9279
2%
9291
2%
9294
2%
9296
2%
9301
2%
9334
2%
9352
2%
9363
2%
9370
2%
9373
2%
9374
2%
9376
2%
9377
2%
9383
2%
9388
2%
9392
2%
9399
2%
9401
2%
9405
2%
9413
2%
9416
2%
9419
2%
9439
2%
9445
2%
9451
2%
9452
2%
9454
2%
9456
2%
9457
2%
9459
2%
9463
2%
9469
2%
9474
2%
9475
2%
9483
2%
9484
2%
9490
2%
9494
2%
9498
2%
9501
2%
9502
2%
9503
2%
9519
2%
9529
2%
9534
2%
9536
2%
9537
2%
9542
2%
9545
2%
9547
2%
9551
2%
9562
2%
9572
2%
9576
2%
9594
2%
9595
2%
9601
2%
9603
2%
9619
2%
9624
2%
9625
2%
9632
2%
9634
2%
9638
2%
9639
2%
9652
2%
9675
2%
9678
2%
9683
2%
9689
2%
9691
2%
9696
2%
9701
2%
9702
2%
9718
2%
9725
2%
9726
2%
9728
2%
9732
2%
9734
2%
9739
2%
9743
2%
9753
2%
9764
2%
9769
2%
9786
2%
9797
2%
9802
2%
9803
2%
9804
2%
9805
2%
9806
2%
9807
2%
9808
2%
9810
2%
9812
2%
9813
2%
9815
2%
9816
2%
9817
2%
9818
2%
9819
2%
9822
2%
9826
2%
9829
2%
9836
2%
9840
2%
9844
2%
9845
2%
9865
2%
9869
2%
9872
2%
9873
2%
9877
2%
9878
2%
9881
2%
9882
2%
9883
2%
9884
2%
9899
2%
9902
2%
9903
2%
9904
2%
9905
2%
9906
2%
9907
2%
9930
2%
9931
2%
9932
2%
9933
2%
9934
2%
9935
2%
9936
2%
9937
2%
9938
2%
9939
2%
9940
2%
9941
2%
9942
2%
9943
2%
9944
2%
9945
2%
9946
2%
9947
2%
9948
2%
9949
2%
9950
2%
9951
2%
9952
2%
9953
2%
9954
2%
9955
2%
9956
2%
9957
2%
9958
2%
9959
2%
9960
2%
9961
2%
9962
2%
9963
2%
9964
2%
9965
2%
9966
2%
9967
2%
9968
2%
9969
2%
9970
2%
9971
2%
9972
2%
9973
2%
9974
2%
9975
2%
9976
2%
9977
2%
9978
2%
9982
2%
9984
2%
9985
2%
9986
2%
9987
2%
9988
2%
1867
0%
1868
0%
1869
0%
2135
0%
2136
0%
2137
0%
2138
0%
2139
0%
2140
0%
2141
0%
2142
0%
2144
0%
2145
0%
2155
0%
2156
0%
2157
0%
2158
0%
2159
0%
2160
0%
2162
0%
2163
0%
2164
0%
2166
0%
2168
0%
2169
0%
2170
0%
2171
0%
2173
0%
2174
0%
2175
0%
2176
0%
2177
0%
2178
0%
2180
0%
2182
0%
2183
0%
2184
0%
2185
0%
2187
0%
2188
0%
2190
0%
2191
0%
2192
0%
2193
0%
2194
0%
2195
0%
2196
0%
2197
0%
2199
0%
2202
0%
2203
0%
2204
0%
2205
0%
2206
0%
2207
0%
2208
0%
2209
0%
2240
0%
2246
0%
2247
0%
2248
0%
2249
0%
2250
0%
2251
0%
2253
0%
2257
0%
2258
0%
2259
0%
2260
0%
2261
0%
2262
0%
2263
0%
2264
0%
2265
0%
2267
0%
2268
0%
2269
0%
2272
0%
2273
0%
2274
0%
2275
0%
2276
0%
2278
0%
2280
0%
2281
0%
2282
0%
2283
0%
2284
0%
2285
0%
2289
0%
2290
0%
2291
0%
2292
0%
2293
0%
2295
0%
2296
0%
2297
0%
2298
0%
2302
0%
2313
0%
2316
0%
2317
0%
2318
0%
2319
0%
2320
0%
2344
0%
2347
0%
2349
0%
2350
0%
2351
0%
2353
0%
2355
0%
2357
0%
2359
0%
2360
0%
2361
0%
2362
0%
2363
0%
2364
0%
2366
0%
2367
0%
2368
0%
2369
0%
2370
0%
2371
0%
2373
0%
2374
0%
2375
0%
2377
0%
2380
0%
2381
0%
2382
0%
2383
0%
2385
0%
2386
0%
2388
0%
2389
0%
2390
0%
2391
0%
2392
0%
2393
0%
2395
0%
2396
0%
2397
0%
2399
0%
2402
0%
2404
0%
2405
0%
2406
0%
2407
0%
2408
0%
2409
0%
2410
0%
2413
0%
2414
0%
2416
0%
2417
0%
2419
0%
2420
0%
2426
0%
2428
0%
2430
0%
2431
0%
2433
0%
2434
0%
2435
0%
2436
0%
2438
0%
2439
0%
2440
0%
2441
0%
2458
0%
2459
0%
2460
0%
2463
0%
2464
0%
2465
0%
2466
0%
2467
0%
2468
0%
2469
0%
2470
0%
2471
0%
2472
0%
2473
0%
2474
0%
2476
0%
2480
0%
2482
0%
2484
0%
2486
0%
2487
0%
2488
0%
2490
0%
2492
0%
2493
0%
2494
0%
2495
0%
2496
0%
2497
0%
2498
0%
2499
0%
2510
0%
2511
0%
2514
0%
2516
0%
2517
0%
2520
0%
2521
0%
2523
0%
2524
0%
2530
0%
2531
0%
2532
0%
2535
0%
2536
0%
2537
0%
2539
0%
2540
0%
2544
0%
2545
0%
2546
0%
2549
0%
2550
0%
2551
0%
2553
0%
2555
0%
2556
0%
2557
0%
2558
0%
2559
0%
2560
0%
2565
0%
2566
0%
2569
0%
2570
0%
2572
0%
2573
0%
2574
0%
2575
0%
2576
0%
2577
0%
2579
0%
2580
0%
2581
0%
2583
0%
2584
0%
2585
0%
2586
0%
2587
0%
2588
0%
2589
0%
2591
0%
2593
0%
2594
0%
2595
0%
2596
0%
2597
0%
2599
0%
2602
0%
2605
0%
2606
0%
2607
0%
2608
0%
2609
0%
2610
0%
2611
0%
2612
0%
2613
0%
2615
0%
2617
0%
2618
0%
2620
0%
2622
0%
2623
0%
2624
0%
2626
0%
2627
0%
2631
0%
2632
0%
2633
0%
2634
0%
2636
0%
2637
0%
2639
0%
2640
0%
2641
0%
2642
0%
2643
0%
2644
0%
2646
0%
2648
0%
2649
0%
2650
0%
2653
0%
2654
0%
2655
0%
2656
0%
2657
0%
2659
0%
2660
0%
2661
0%
2662
0%
2663
0%
2664
0%
2665
0%
2666
0%
2667
0%
2668
0%
2669
0%
2674
0%
2675
0%
2676
0%
2677
0%
2679
0%
2680
0%
2682
0%
2683
0%
2684
0%
2685
0%
2686
0%
2687
0%
2688
0%
2689
0%
2690
0%
2693
0%
2694
0%
2695
0%
2696
0%
2697
0%
2698
0%
2699
0%
2702
0%
2703
0%
2705
0%
2706
0%
2707
0%
2708
0%
2709
0%
2711
0%
2712
0%
2713
0%
2714
0%
2715
0%
2716
0%
2717
0%
2719
0%
2721
0%
2722
0%
2723
0%
2729
0%
2730
0%
2732
0%
2733
0%
2734
0%
2735
0%
2736
0%
2738
0%
2739
0%
2740
0%
2741
0%
2742
0%
2743
0%
2744
0%
2745
0%
2746
0%
2747
0%
2750
0%
2751
0%
2753
0%
2754
0%
2755
0%
2757
0%
2759
0%
2760
0%
2761
0%
2763
0%
2764
0%
2768
0%
2770
0%
2771
0%
2772
0%
2773
0%
2775
0%
2776
0%
2778
0%
2779
0%
2780
0%
2781
0%
2784
0%
2785
0%
2787
0%
2790
0%
2791
0%
2793
0%
2794
0%
2795
0%
2796
0%
2797
0%
2798
0%
2799
0%
2803
0%
2804
0%
2805
0%
2806
0%
2807
0%
2809
0%
2811
0%
2813
0%
2814
0%
2815
0%
2816
0%
2818
0%
2820
0%
2821
0%
2822
0%
2823
0%
2824
0%
2826
0%
2828
0%
2829
0%
2830
0%
2831
0%
2832
0%
2833
0%
2834
0%
2835
0%
2839
0%
2840
0%
2841
0%
2842
0%
2843
0%
2844
0%
2845
0%
2847
0%
2848
0%
2849
0%
2850
0%
2851
0%
2852
0%
2853
0%
2854
0%
2855
0%
2857
0%
2858
0%
2859
0%
2860
0%
2861
0%
2863
0%
2864
0%
2865
0%
2866
0%
2867
0%
2868
0%
2874
0%
2877
0%
2878
0%
2879
0%
2881
0%
2882
0%
2883
0%
2885
0%
2886
0%
2887
0%
2889
0%
2893
0%
2894
0%
2895
0%
2898
0%
2902
0%
2903
0%
2904
0%
2905
0%
2906
0%
2907
0%
2910
0%
2911
0%
2912
0%
2913
0%
2914
0%
2919
0%
2926
0%
2928
0%
2930
0%
2931
0%
2932
0%
2933
0%
2934
0%
2935
0%
2936
0%
2939
0%
2940
0%
2941
0%
2942
0%
2943
0%
2944
0%
2946
0%
2947
0%
2950
0%
2951
0%
2952
0%
2953
0%
2961
0%
2962
0%
2964
0%
2966
0%
2968
0%
2969
0%
2970
0%
2971
0%
2973
0%
2974
0%
2975
0%
2976
0%
2977
0%
2978
0%
2979
0%
2980
0%
2981
0%
2984
0%
2986
0%
3029
0%
3032
0%
3033
0%
3036
0%
3037
0%
3038
0%
3040
0%
3042
0%
3043
0%
3044
0%
3045
0%
3046
0%
3048
0%
3049
0%
3050
0%
3051
0%
3060
0%
3061
0%
3063
0%
3064
0%
3066
0%
3067
0%
3068
0%
3070
0%
3071
0%
3072
0%
3075
0%
3077
0%
3079
0%
3080
0%
3081
0%
3082
0%
3083
0%
3084
0%
3085
0%
3087
0%
3088
0%
3089
0%
3090
0%
3091
0%
3093
0%
3095
0%
3096
0%
3098
0%
3099
0%
3102
0%
3103
0%
3115
0%
3116
0%
3117
0%
3118
0%
3119
0%
3120
0%
3135
0%
3136
0%
3137
0%
3139
0%
3141
0%
3142
0%
3143
0%
3146
0%
3147
0%
3148
0%
3149
0%
3150
0%
3151
0%
3152
0%
3153
0%
3154
0%
3155
0%
3156
0%
3157
0%
3158
0%
3159
0%
3160
0%
3161
0%
3162
0%
3164
0%
3166
0%
3167
0%
3168
0%
3169
0%
3170
0%
3171
0%
3172
0%
3173
0%
3174
0%
3175
0%
3176
0%
3177
0%
3178
0%
3179
0%
3180
0%
3181
0%
3182
0%
3184
0%
3186
0%
3187
0%
3188
0%
3189
0%
3190
0%
3199
0%
3202
0%
3203
0%
3204
0%
3206
0%
3207
0%
3208
0%
3209
0%
3231
0%
3235
0%
3236
0%
3237
0%
3238
0%
3239
0%
3240
0%
3241
0%
3242
0%
3243
0%
3244
0%
3246
0%
3247
0%
3248
0%
3249
0%
3250
0%
3251
0%
3252
0%
3253
0%
3255
0%
3257
0%
3259
0%
3260
0%
3262
0%
3263
0%
3264
0%
3266
0%
3267
0%
3269
0%
3270
0%
3272
0%
3273
0%
3275
0%
3276
0%
3277
0%
3278
0%
3279
0%
3280
0%
3281
0%
3284
0%
3286
0%
3288
0%
3289
0%
3290
0%
3291
0%
3292
0%
3293
0%
3296
0%
3297
0%
3298
0%
3299
0%
3302
0%
3303
0%
3304
0%
3305
0%
3306
0%
3307
0%
3308
0%
3309
0%
3310
0%
3312
0%
3313
0%
3314
0%
3315
0%
3316
0%
3317
0%
3318
0%
3319
0%
3320
0%
3321
0%
3324
0%
3325
0%
3326
0%
3327
0%
3328
0%
3329
0%
3341
0%
3347
0%
3348
0%
3349
0%
3350
0%
3351
0%
3352
0%
3353
0%
3356
0%
3357
0%
3358
0%
3359
0%
3361
0%
3362
0%
3363
0%
3364
0%
3365
0%
3367
0%
3368
0%
3369
0%
3371
0%
3372
0%
3373
0%
3374
0%
3375
0%
3376
0%
3378
0%
3379
0%
3380
0%
3381
0%
3382
0%
3383
0%
3384
0%
3385
0%
3386
0%
3389
0%
3390
0%
3391
0%
3392
0%
3393
0%
3394
0%
3395
0%
3396
0%
3397
0%
3398
0%
3402
0%
3403
0%
3404
0%
3405
0%
3406
0%
3407
0%
3408
0%
3409
0%
3417
0%
3419
0%
3420
0%
3422
0%
3423
0%
3424
0%
3429
0%
3430
0%
3431
0%
3432
0%
3434
0%
3436
0%
3437
0%
3438
0%
3439
0%
3440
0%
3442
0%
3446
0%
3447
0%
3448
0%
3449
0%
3454
0%
3455
0%
3460
0%
3462
0%
3466
0%
3470
0%
3473
0%
3474
0%
3477
0%
3479
0%
3480
0%
3481
0%
3482
0%
3483
0%
3484
0%
3485
0%
3486
0%
3488
0%
3490
0%
3491
0%
3492
0%
3493
0%
3494
0%
3495
0%
3496
0%
3497
0%
3498
0%
3499
0%
3502
0%
3503
0%
3504
0%
3505
0%
3506
0%
3507
0%
3508
0%
3509
0%
3510
0%
3511
0%
3512
0%
3513
0%
3514
0%
3515
0%
3516
0%
3517
0%
3518
0%
3519
0%
3520
0%
3521
0%
3522
0%
3523
0%
3524
0%
3527
0%
3530
0%
3531
0%
3533
0%
3534
0%
3536
0%
3537
0%
3539
0%
3540
0%
3542
0%
3543
0%
3547
0%
3549
0%
3550
0%
3551
0%
3552
0%
3553
0%
3554
0%
3555
0%
3556
0%
3557
0%
3558
0%
3559
0%
3560
0%
3563
0%
3565
0%
3566
0%
3570
0%
3571
0%
3572
0%
3573
0%
3574
0%
3575
0%
3576
0%
3578
0%
3580
0%
3581
0%
3582
0%
3584
0%
3585
0%
3586
0%
3587
0%
3588
0%
3589
0%
3590
0%
3591
0%
3593
0%
3594
0%
3595
0%
3596
0%
3597
0%
3598
0%
3599
0%
3602
0%
3603
0%
3604
0%
3605
0%
3606
0%
3607
0%
3608
0%
3609
0%
3610
0%
3611
0%
3615
0%
3616
0%
3617
0%
3618
0%
3619
0%
3620
0%
3622
0%
3623
0%
3624
0%
3627
0%
3628
0%
3630
0%
3631
0%
3632
0%
3634
0%
3637
0%
3638
0%
3640
0%
3641
0%
3642
0%
3643
0%
3644
0%
3647
0%
3648
0%
3649
0%
3650
0%
3651
0%
3652
0%
3655
0%
3657
0%
3658
0%
3659
0%
3660
0%
3661
0%
3662
0%
3663
0%
3664
0%
3665
0%
3666
0%
3667
0%
3668
0%
3669
0%
3671
0%
3674
0%
3675
0%
3676
0%
3677
0%
3680
0%
3681
0%
3683
0%
3684
0%
3686
0%
3687
0%
3688
0%
3689
0%
3692
0%
3693
0%
3694
0%
3696
0%
3697
0%
3698
0%
3699
0%
3702
0%
3704
0%
3705
0%
3706
0%
3707
0%
3708
0%
3709
0%
3710
0%
3711
0%
3712
0%
3713
0%
3714
0%
3715
0%
3716
0%
3717
0%
3718
0%
3719
0%
3720
0%
3721
0%
3722
0%
3729
0%
3731
0%
3732
0%
3734
0%
3740
0%
3741
0%
3746
0%
3747
0%
3748
0%
3750
0%
3751
0%
3752
0%
3754
0%
3755
0%
3756
0%
3757
0%
3758
0%
3759
0%
3760
0%
3761
0%
3762
0%
3763
0%
3764
0%
3766
0%
3767
0%
3768
0%
3769
0%
3770
0%
3771
0%
3772
0%
3773
0%
3774
0%
3775
0%
3776
0%
3777
0%
3778
0%
3779
0%
3781
0%
3782
0%
3785
0%
3786
0%
3787
0%
3788
0%
3789
0%
3790
0%
3791
0%
3792
0%
3794
0%
3795
0%
3796
0%
3797
0%
3803
0%
3804
0%
3805
0%
3806
0%
3807
0%
3808
0%
3810
0%
3811
0%
3812
0%
3813
0%
3814
0%
3815
0%
3817
0%
3818
0%
3819
0%
3820
0%
3821
0%
3822
0%
3823
0%
3826
0%
3828
0%
3829
0%
3830
0%
3831
0%
3832
0%
3833
0%
3835
0%
3840
0%
3841
0%
3842
0%
3843
0%
3846
0%
3847
0%
3848
0%
3850
0%
3851
0%
3852
0%
3853
0%
3854
0%
3855
0%
3857
0%
3858
0%
3859
0%
3860
0%
3861
0%
3862
0%
3863
0%
3864
0%
3865
0%
3866
0%
3867
0%
3868
0%
3869
0%
3870
0%
3871
0%
3873
0%
3874
0%
3875
0%
3877
0%
3878
0%
3879
0%
3880
0%
3881
0%
3883
0%
3884
0%
3885
0%
3886
0%
3887
0%
3888
0%
3889
0%
3890
0%
3891
0%
3894
0%
3895
0%
3897
0%
3898
0%
3899
0%
3903
0%
3904
0%
3905
0%
3906
0%
3907
0%
3908
0%
3909
0%
3910
0%
3911
0%
3912
0%
3913
0%
3914
0%
3915
0%
3916
0%
3917
0%
3918
0%
3919
0%
3920
0%
3921
0%
3922
0%
3923
0%
3924
0%
3925
0%
3927
0%
3928
0%
3929
0%
3930
0%
3931
0%
3932
0%
3933
0%
3935
0%
3936
0%
3937
0%
3938
0%
3939
0%
3940
0%
3941
0%
3942
0%
3943
0%
3944
0%
3945
0%
3946
0%
3948
0%
3950
0%
3951
0%
3952
0%
3953
0%
3954
0%
3955
0%
3956
0%
3957
0%
3958
0%
3959
0%
3960
0%
3961
0%
3962
0%
3963
0%
3964
0%
3965
0%
3966
0%
3967
0%
3968
0%
3969
0%
3970
0%
3971
0%
3972
0%
3973
0%
3974
0%
3975
0%
3976
0%
3977
0%
3978
0%
3979
0%
3980
0%
3983
0%
3984
0%
3985
0%
3987
0%
3988
0%
3989
0%
4028
0%
4029
0%
4030
0%
4032
0%
4033
0%
4034
0%
4036
0%
4038
0%
4039
0%
4042
0%
4043
0%
4045
0%
4050
0%
4051
0%
4060
0%
4061
0%
4062
0%
4063
0%
4066
0%
4067
0%
4068
0%
4070
0%
4071
0%
4072
0%
4073
0%
4074
0%
4075
0%
4076
0%
4077
0%
4078
0%
4079
0%
4080
0%
4082
0%
4083
0%
4084
0%
4085
0%
4087
0%
4088
0%
4089
0%
4090
0%
4091
0%
4092
0%
4093
0%
4094
0%
4095
0%
4097
0%
4098
0%
4099
0%
4102
0%
4103
0%
4115
0%
4116
0%
4117
0%
4118
0%
4119
0%
4120
0%
4135
0%
4137
0%
4138
0%
4139
0%
4140
0%
4142
0%
4146
0%
4147
0%
4148
0%
4149
0%
4150
0%
4151
0%
4157
0%
4158
0%
4159
0%
4160
0%
4161
0%
4162
0%
4163
0%
4164
0%
4165
0%
4166
0%
4167
0%
4168
0%
4169
0%
4170
0%
4175
0%
4176
0%
4177
0%
4179
0%
4180
0%
4181
0%
4182
0%
4183
0%
4184
0%
4185
0%
4186
0%
4187
0%
4188
0%
4190
0%
4191
0%
4192
0%
4193
0%
4195
0%
4196
0%
4197
0%
4198
0%
4199
0%
4202
0%
4203
0%
4204
0%
4205
0%
4206
0%
4207
0%
4208
0%
4209
0%
4210
0%
4211
0%
4213
0%
4214
0%
4215
0%
4216
0%
4217
0%
4218
0%
4219
0%
4220
0%
4221
0%
4222
0%
4223
0%
4225
0%
4226
0%
4227
0%
4228
0%
4229
0%
4234
0%
4235
0%
4236
0%
4237
0%
4238
0%
4239
0%
4240
0%
4241
0%
4246
0%
4247
0%
4248
0%
4249
0%
4250
0%
4251
0%
4254
0%
4255
0%
4257
0%
4258
0%
4259
0%
4260
0%
4261
0%
4262
0%
4263
0%
4264
0%
4265
0%
4266
0%
4267
0%
4268
0%
4269
0%
4270
0%
4271
0%
4272
0%
4275
0%
4276
0%
4277
0%
4278
0%
4279
0%
4280
0%
4281
0%
4282
0%
4283
0%
4284
0%
4285
0%
4286
0%
4287
0%
4288
0%
4290
0%
4291
0%
4293
0%
4295
0%
4296
0%
4297
0%
4298
0%
4299
0%
4302
0%
4303
0%
4304
0%
4305
0%
4306
0%
4307
0%
4308
0%
4309
0%
4310
0%
4311
0%
4312
0%
4313
0%
4316
0%
4317
0%
4318
0%
4319
0%
4320
0%
4322
0%
4327
0%
4328
0%
4330
0%
4331
0%
4333
0%
4334
0%
4335
0%
4336
0%
4337
0%
4338
0%
4339
0%
4340
0%
4341
0%
4344
0%
4346
0%
4348
0%
4350
0%
4351
0%
4352
0%
4353
0%
4355
0%
4357
0%
4358
0%
4359
0%
4360
0%
4361
0%
4362
0%
4363
0%
4365
0%
4366
0%
4368
0%
4369
0%
4370
0%
4371
0%
4372
0%
4373
0%
4374
0%
4375
0%
4376
0%
4377
0%
4379
0%
4380
0%
4381
0%
4382
0%
4383
0%
4386
0%
4387
0%
4388
0%
4389
0%
4390
0%
4391
0%
4392
0%
4393
0%
4395
0%
4396
0%
4397
0%
4423
0%
4426
0%
4427
0%
4428
0%
4430
0%
4431
0%
4432
0%
4435
0%
4436
0%
4437
0%
4438
0%
4439
0%
4440
0%
4450
0%
4451
0%
4452
0%
4456
0%
4457
0%
4458
0%
4459
0%
4460
0%
4461
0%
4462
0%
4464
0%
4465
0%
4467
0%
4468
0%
4469
0%
4470
0%
4471
0%
4472
0%
4473
0%
4474
0%
4475
0%
4476
0%
4478
0%
4479
0%
4480
0%
4481
0%
4482
0%
4483
0%
4484
0%
4485
0%
4486
0%
4487
0%
4489
0%
4490
0%
4491
0%
4492
0%
4493
0%
4495
0%
4496
0%
4497
0%
4498
0%
4502
0%
4503
0%
4504
0%
4506
0%
4510
0%
4511
0%
4513
0%
4516
0%
4518
0%
4520
0%
4521
0%
4522
0%
4525
0%
4526
0%
4529
0%
4535
0%
4539
0%
4540
0%
4542
0%
4548
0%
4549
0%
4550
0%
4551
0%
4553
0%
4558
0%
4559
0%
4570
0%
4571
0%
4572
0%
4573
0%
4577
0%
4580
0%
4581
0%
4582
0%
4583
0%
4584
0%
4585
0%
4587
0%
4588
0%
4593
0%
4595
0%
4597
0%
4599
0%
4602
0%
4603
0%
4604
0%
4605
0%
4606
0%
4607
0%
4608
0%
4609
0%
4610
0%
4612
0%
4613
0%
4614
0%
4617
0%
4618
0%
4619
0%
4620
0%
4621
0%
4622
0%
4624
0%
4625
0%
4626
0%
4627
0%
4629
0%
4630
0%
4631
0%
4632
0%
4633
0%
4634
0%
4635
0%
4636
0%
4637
0%
4639
0%
4640
0%
4641
0%
4642
0%
4643
0%
4644
0%
4649
0%
4650
0%
4652
0%
4658
0%
4659
0%
4660
0%
4662
0%
4663
0%
4665
0%
4666
0%
4668
0%
4669
0%
4670
0%
4672
0%
4673
0%
4674
0%
4675
0%
4676
0%
4677
0%
4678
0%
4680
0%
4681
0%
4682
0%
4685
0%
4686
0%
4689
0%
4690
0%
4691
0%
4692
0%
4693
0%
4695
0%
4696
0%
4697
0%
4698
0%
4702
0%
4703
0%
4704
0%
4705
0%
4706
0%
4707
0%
4708
0%
4709
0%
4710
0%
4711
0%
4712
0%
4713
0%
4714
0%
4715
0%
4716
0%
4717
0%
4718
0%
4719
0%
4720
0%
4721
0%
4722
0%
4723
0%
4726
0%
4730
0%
4731
0%
4732
0%
4733
0%
4734
0%
4736
0%
4740
0%
4741
0%
4743
0%
4750
0%
4753
0%
4754
0%
4755
0%
4756
0%
4758
0%
4759
0%
4760
0%
4761
0%
4765
0%
4766
0%
4767
0%
4769
0%
4770
0%
4771
0%
4772
0%
4773
0%
4774
0%
4775
0%
4776
0%
4777
0%
4778
0%
4779
0%
4780
0%
4781
0%
4783
0%
4787
0%
4788
0%
4789
0%
4790
0%
4791
0%
4792
0%
4793
0%
4794
0%
4795
0%
4796
0%
4797
0%
4798
0%
4799
0%
4802
0%
4803
0%
4804
0%
4805
0%
4806
0%
4807
0%
4808
0%
4809
0%
4810
0%
4811
0%
4812
0%
4813
0%
4814
0%
4815
0%
4816
0%
4817
0%
4818
0%
4819
0%
4820
0%
4821
0%
4822
0%
4823
0%
4824
0%
4825
0%
4828
0%
4829
0%
4830
0%
4831
0%
4832
0%
4833
0%
4835
0%
4836
0%
4837
0%
4838
0%
4839
0%
4840
0%
4841
0%
4842
0%
4843
0%
4844
0%
4845
0%
4846
0%
4847
0%
4848
0%
4850
0%
4851
0%
4852
0%
4853
0%
4855
0%
4856
0%
4857
0%
4858
0%
4859
0%
4860
0%
4861
0%
4862
0%
4863
0%
4865
0%
4866
0%
4867
0%
4868
0%
4869
0%
4870
0%
4871
0%
4872
0%
4873
0%
4874
0%
4875
0%
4876
0%
4877
0%
4878
0%
4879
0%
4880
0%
4881
0%
4882
0%
4883
0%
4885
0%
4886
0%
4887
0%
4888
0%
4889
0%
4890
0%
4891
0%
4895
0%
4896
0%
4897
0%
4898
0%
4899
0%
4900
0%
4902
0%
4903
0%
4904
0%
4905
0%
4906
0%
4907
0%
4908
0%
4909
0%
4910
0%
4911
0%
4913
0%
4914
0%
4915
0%
4916
0%
4917
0%
4918
0%
4919
0%
4920
0%
4921
0%
4922
0%
4923
0%
4925
0%
4927
0%
4928
0%
4929
0%
4930
0%
4931
0%
4932
0%
4933
0%
4934
0%
4936
0%
4937
0%
4939
0%
4940
0%
4941
0%
4942
0%
4943
0%
4944
0%
4945
0%
4946
0%
4947
0%
4948
0%
4949
0%
4954
0%
4955
0%
4956
0%
4957
0%
4958
0%
4960
0%
4961
0%
4962
0%
4963
0%
4965
0%
4966
0%
4968
0%
4969
0%
4970
0%
4971
0%
4972
0%
4973
0%
4974
0%
4975
0%
4977
0%
4979
0%
4980
0%
4982
0%
4983
0%
4988
0%
4989
0%
5028
0%
5029
0%
5030
0%
5032
0%
5033
0%
5034
0%
5036
0%
5037
0%
5038
0%
5039
0%
5040
0%
5042
0%
5043
0%
5044
0%
5046
0%
5049
0%
5050
0%
5051
0%
5060
0%
5061
0%
5062
0%
5063
0%
5064
0%
5066
0%
5067
0%
5068
0%
5070
0%
5071
0%
5072
0%
5073
0%
5074
0%
5075
0%
5076
0%
5077
0%
5079
0%
5080
0%
5081
0%
5082
0%
5083
0%
5084
0%
5085
0%
5087
0%
5088
0%
5089
0%
5090
0%
5091
0%
5092
0%
5093
0%
5094
0%
5095
0%
5096
0%
5098
0%
5099
0%
5136
0%
5138
0%
5139
0%
5157
0%
5158
0%
5159
0%
5160
0%
5162
0%
5163
0%
5166
0%
5168
0%
5170
0%
5171
0%
5172
0%
5174
0%
5176
0%
5177
0%
5179
0%
5180
0%
5181
0%
5182
0%
5183
0%
5185
0%
5186
0%
5187
0%
5188
0%
5190
0%
5192
0%
5193
0%
5194
0%
5195
0%
5197
0%
5198
0%
5199
0%
5201
0%
5203
0%
5204
0%
5205
0%
5206
0%
5207
0%
5208
0%
5209
0%
5210
0%
5211
0%
5213
0%
5214
0%
5217
0%
5218
0%
5219
0%
5220
0%
5221
0%
5222
0%
5223
0%
5224
0%
5225
0%
5226
0%
5227
0%
5228
0%
5229
0%
5231
0%
5232
0%
5233
0%
5235
0%
5237
0%
5238
0%
5239
0%
5240
0%
5241
0%
5243
0%
5244
0%
5246
0%
5247
0%
5248
0%
5249
0%
5250
0%
5252
0%
5253
0%
5257
0%
5259
0%
5260
0%
5261
0%
5262
0%
5263
0%
5264
0%
5265
0%
5266
0%
5268
0%
5269
0%
5270
0%
5271
0%
5272
0%
5275
0%
5276
0%
5277
0%
5278
0%
5279
0%
5280
0%
5281
0%
5282
0%
5283
0%
5284
0%
5285
0%
5286
0%
5287
0%
5288
0%
5290
0%
5291
0%
5292
0%
5294
0%
5295
0%
5296
0%
5297
0%
5298
0%
5299
0%
5302
0%
5303
0%
5304
0%
5305
0%
5306
0%
5307
0%
5308
0%
5309
0%
5310
0%
5311
0%
5312
0%
5315
0%
5316
0%
5318
0%
5319
0%
5322
0%
5323
0%
5324
0%
5327
0%
5330
0%
5331
0%
5333
0%
5334
0%
5336
0%
5337
0%
5338
0%
5339
0%
5340
0%
5343
0%
5344
0%
5347
0%
5348
0%
5350
0%
5351
0%
5355
0%
5358
0%
5360
0%
5363
0%
5365
0%
5366
0%
5367
0%
5370
0%
5371
0%
5372
0%
5373
0%
5375
0%
5376
0%
5377
0%
5378
0%
5379
0%
5381
0%
5384
0%
5386
0%
5387
0%
5388
0%
5390
0%
5391
0%
5392
0%
5393
0%
5394
0%
5395
0%
5396
0%
5397
0%
5398
0%
5399
0%
5422
0%
5423
0%
5428
0%
5429
0%
5430
0%
5431
0%
5433
0%
5435
0%
5436
0%
5437
0%
5439
0%
5440
0%
5441
0%
5443
0%
5446
0%
5448
0%
5449
0%
5450
0%
5458
0%
5459
0%
5461
0%
5462
0%
5463
0%
5466
0%
5468
0%
5469
0%
5470
0%
5471
0%
5472
0%
5473
0%
5478
0%
5479
0%
5480
0%
5481
0%
5482
0%
5483
0%
5484
0%
5485
0%
5488
0%
5489
0%
5490
0%
5492
0%
5493
0%
5494
0%
5495
0%
5496
0%
5497
0%
5502
0%
5503
0%
5504
0%
5506
0%
5507
0%
5508
0%
5509
0%
5513
0%
5514
0%
5516
0%
5517
0%
5518
0%
5519
0%
5520
0%
5527
0%
5529
0%
5530
0%
5531
0%
5532
0%
5534
0%
5535
0%
5536
0%
5537
0%
5538
0%
5539
0%
5540
0%
5541
0%
5543
0%
5548
0%
5549
0%
5550
0%
5551
0%
5553
0%
5556
0%
5559
0%
5560
0%
5561
0%
5562
0%
5564
0%
5565
0%
5567
0%
5569
0%
5570
0%
5571
0%
5572
0%
5573
0%
5574
0%
5576
0%
5579
0%
5580
0%
5581
0%
5582
0%
5583
0%
5584
0%
5585
0%
5586
0%
5587
0%
5589
0%
5590
0%
5591
0%
5592
0%
5593
0%
5594
0%
5595
0%
5596
0%
5597
0%
5598
0%
5602
0%
5603
0%
5604
0%
5605
0%
5606
0%
5607
0%
5608
0%
5609
0%
5610
0%
5611
0%
5612
0%
5613
0%
5616
0%
5617
0%
5618
0%
5619
0%
5620
0%
5628
0%
5630
0%
5631
0%
5633
0%
5637
0%
5640
0%
5641
0%
5642
0%
5644
0%
5650
0%
5651
0%
5652
0%
5653
0%
5656
0%
5657
0%
5658
0%
5659
0%
5660
0%
5661
0%
5662
0%
5663
0%
5664
0%
5665
0%
5666
0%
5667
0%
5668
0%
5669
0%
5670
0%
5674
0%
5680
0%
5681
0%
5683
0%
5684
0%
5687
0%
5688
0%
5691
0%
5692
0%
5693
0%
5694
0%
5695
0%
5696
0%
5697
0%
5699
0%
5702
0%
5703
0%
5704
0%
5706
0%
5708
0%
5709
0%
5710
0%
5711
0%
5712
0%
5713
0%
5714
0%
5715
0%
5716
0%
5717
0%
5718
0%
5719
0%
5720
0%
5721
0%
5722
0%
5723
0%
5725
0%
5726
0%
5727
0%
5728
0%
5729
0%
5730
0%
5731
0%
5732
0%
5733
0%
5734
0%
5735
0%
5736
0%
5737
0%
5738
0%
5756
0%
5759
0%
5760
0%
5761
0%
5762
0%
5763
0%
5766
0%
5767
0%
5769
0%
5770
0%
5771
0%
5772
0%
5773
0%
5774
0%
5775
0%
5776
0%
5777
0%
5779
0%
5780
0%
5781
0%
5782
0%
5784
0%
5786
0%
5789
0%
5790
0%
5791
0%
5792
0%
5793
0%
5795
0%
5797
0%
5798
0%
5799
0%
5802
0%
5803
0%
5804
0%
5805
0%
5806
0%
5807
0%
5808
0%
5809
0%
5810
0%
5811
0%
5812
0%
5813
0%
5814
0%
5815
0%
5816
0%
5817
0%
5818
0%
5819
0%
5820
0%
5824
0%
5825
0%
5826
0%
5827
0%
5828
0%
5830
0%
5831
0%
5832
0%
5833
0%
5834
0%
5835
0%
5836
0%
5837
0%
5838
0%
5839
0%
5840
0%
5841
0%
5842
0%
5843
0%
5844
0%
5845
0%
5846
0%
5847
0%
5848
0%
5850
0%
5851
0%
5853
0%
5854
0%
5855
0%
5856
0%
5857
0%
5859
0%
5860
0%
5861
0%
5863
0%
5864
0%
5866
0%
5867
0%
5869
0%
5870
0%
5871
0%
5872
0%
5873
0%
5874
0%
5875
0%
5877
0%
5878
0%
5879
0%
5880
0%
5881
0%
5882
0%
5884
0%
5885
0%
5886
0%
5887
0%
5888
0%
5889
0%
5890
0%
5891
0%
5893
0%
5894
0%
5895
0%
5896
0%
5897
0%
5898
0%
5899
0%
5902
0%
5903
0%
5904
0%
5905
0%
5906
0%
5907
0%
5908
0%
5909
0%
5910
0%
5911
0%
5912
0%
5913
0%
5914
0%
5915
0%
5916
0%
5917
0%
5918
0%
5919
0%
5920
0%
5921
0%
5922
0%
5923
0%
5924
0%
5925
0%
5926
0%
5927
0%
5929
0%
5930
0%
5931
0%
5932
0%
5933
0%
5935
0%
5936
0%
5937
0%
5938
0%
5939
0%
5940
0%
5941
0%
5942
0%
5943
0%
5944
0%
5945
0%
5947
0%
5948
0%
5950
0%
5951
0%
5952
0%
5953
0%
5956
0%
5958
0%
5959
0%
5960
0%
5961
0%
5962
0%
5963
0%
5964
0%
5966
0%
5967
0%
5968
0%
5969
0%
5970
0%
5971
0%
5972
0%
5973
0%
5976
0%
5979
0%
5980
0%
5981
0%
5982
0%
5983
0%
5984
0%
5987
0%
5989
0%
6028
0%
6029
0%
6030
0%
6032
0%
6033
0%
6034
0%
6036
0%
6037
0%
6038
0%
6039
0%
6040
0%
6042
0%
6043
0%
6044
0%
6045
0%
6046
0%
6048
0%
6049
0%
6050
0%
6051
0%
6060
0%
6061
0%
6062
0%
6063
0%
6064
0%
6066
0%
6067
0%
6068
0%
6070
0%
6071
0%
6072
0%
6073
0%
6074
0%
6076
0%
6077
0%
6078
0%
6079
0%
6080
0%
6081
0%
6082
0%
6083
0%
6084
0%
6085
0%
6087
0%
6088
0%
6089
0%
6090
0%
6091
0%
6092
0%
6093
0%
6094
0%
6095
0%
6096
0%
6097
0%
6098
0%
6099
0%
6102
0%
6103
0%
6115
0%
6116
0%
6117
0%
6118
0%
6119
0%
6120
0%
6135
0%
6136
0%
6139
0%
6140
0%
6141
0%
6142
0%
6143
0%
6144
0%
6145
0%
6146
0%
6147
0%
6148
0%
6149
0%
6150
0%
6152
0%
6153
0%
6155
0%
6156
0%
6157
0%
6158
0%
6159
0%
6160
0%
6161
0%
6162
0%
6163
0%
6164
0%
6165
0%
6167
0%
6168
0%
6169
0%
6170
0%
6171
0%
6172
0%
6173
0%
6174
0%
6175
0%
6176
0%
6177
0%
6179
0%
6180
0%
6181
0%
6182
0%
6183
0%
6184
0%
6185
0%
6186
0%
6187
0%
6188
0%
6189
0%
6191
0%
6192
0%
6193
0%
6194
0%
6195
0%
6196
0%
6197
0%
6198
0%
6199
0%
6203
0%
6204
0%
6205
0%
6207
0%
6208
0%
6209
0%
6210
0%
6211
0%
6219
0%
6220
0%
6221
0%
6222
0%
6223
0%
6224
0%
6225
0%
6226
0%
6227
0%
6228
0%
6229
0%
6231
0%
6232
0%
6233
0%
6234
0%
6235
0%
6236
0%
6237
0%
6239
0%
6240
0%
6241
0%
6242
0%
6244
0%
6245
0%
6246
0%
6247
0%
6248
0%
6249
0%
6250
0%
6251
0%
6253
0%
6254
0%
6258
0%
6259
0%
6260
0%
6263
0%
6265
0%
6267
0%
6268
0%
6269
0%
6270
0%
6271
0%
6272
0%
6273
0%
6274
0%
6275
0%
6276
0%
6277
0%
6278
0%
6279
0%
6280
0%
6281
0%
6282
0%
6283
0%
6285
0%
6287
0%
6288
0%
6290
0%
6291
0%
6293
0%
6294
0%
6297
0%
6298
0%
6299
0%
6302
0%
6303
0%
6304
0%
6305
0%
6306
0%
6307
0%
6308
0%
6309
0%
6310
0%
6311
0%
6312
0%
6313
0%
6314
0%
6315
0%
6316
0%
6317
0%
6319
0%
6320
0%
6321
0%
6322
0%
6323
0%
6325
0%
6328
0%
6329
0%
6330
0%
6331
0%
6332
0%
6333
0%
6334
0%
6335
0%
6336
0%
6337
0%
6338
0%
6339
0%
6340
0%
6344
0%
6347
0%
6348
0%
6350
0%
6351
0%
6352
0%
6355
0%
6356
0%
6357
0%
6359
0%
6360
0%
6361
0%
6364
0%
6365
0%
6366
0%
6367
0%
6368
0%
6369
0%
6370
0%
6374
0%
6375
0%
6377
0%
6379
0%
6380
0%
6381
0%
6382
0%
6383
0%
6384
0%
6386
0%
6387
0%
6388
0%
6390
0%
6392
0%
6393
0%
6394
0%
6395
0%
6396
0%
6397
0%
6398
0%
6399
0%
6402
0%
6403
0%
6404
0%
6405
0%
6406
0%
6408
0%
6409
0%
6410
0%
6411
0%
6412
0%
6416
0%
6417
0%
6418
0%
6419
0%
6420
0%
6421
0%
6422
0%
6423
0%
6424
0%
6427
0%
6428
0%
6429
0%
6430
0%
6431
0%
6433
0%
6437
0%
6438
0%
6440
0%
6441
0%
6443
0%
6445
0%
6447
0%
6448
0%
6449
0%
6450
0%
6452
0%
6457
0%
6458
0%
6459
0%
6460
0%
6461
0%
6462
0%
6469
0%
6471
0%
6472
0%
6475
0%
6477
0%
6478
0%
6479
0%
6480
0%
6481
0%
6482
0%
6483
0%
6484
0%
6485
0%
6486
0%
6488
0%
6489
0%
6490
0%
6493
0%
6494
0%
6495
0%
6497
0%
6498
0%
6499
0%
6502
0%
6503
0%
6504
0%
6506
0%
6507
0%
6508
0%
6509
0%
6510
0%
6511
0%
6515
0%
6517
0%
6519
0%
6520
0%
6528
0%
6529
0%
6530
0%
6531
0%
6533
0%
6534
0%
6535
0%
6537
0%
6538
0%
6539
0%
6544
0%
6550
0%
6553
0%
6558
0%
6559
0%
6560
0%
6561
0%
6562
0%
6563
0%
6568
0%
6569
0%
6570
0%
6571
0%
6572
0%
6573
0%
6574
0%
6577
0%
6579
0%
6580
0%
6581
0%
6582
0%
6584
0%
6588
0%
6593
0%
6594
0%
6595
0%
6596
0%
6597
0%
6599
0%
6602
0%
6603
0%
6604
0%
6605
0%
6606
0%
6607
0%
6608
0%
6609
0%
6610
0%
6612
0%
6613
0%
6614
0%
6615
0%
6616
0%
6617
0%
6618
0%
6619
0%
6620
0%
6621
0%
6623
0%
6624
0%
6625
0%
6626
0%
6627
0%
6628
0%
6629
0%
6630
0%
6631
0%
6632
0%
6634
0%
6635
0%
6636
0%
6637
0%
6638
0%
6639
0%
6640
0%
6641
0%
6642
0%
6643
0%
6645
0%
6647
0%
6648
0%
6649
0%
6650
0%
6651
0%
6652
0%
6656
0%
6657
0%
6658
0%
6659
0%
6660
0%
6661
0%
6662
0%
6663
0%
6665
0%
6668
0%
6669
0%
6670
0%
6672
0%
6673
0%
6674
0%
6675
0%
6679
0%
6680
0%
6681
0%
6682
0%
6684
0%
6685
0%
6687
0%
6689
0%
6690
0%
6691
0%
6692
0%
6693
0%
6695
0%
6696
0%
6697
0%
6702
0%
6703
0%
6704
0%
6706
0%
6707
0%
6709
0%
6710
0%
6712
0%
6713
0%
6714
0%
6715
0%
6716
0%
6718
0%
6719
0%
6720
0%
6722
0%
6727
0%
6729
0%
6730
0%
6731
0%
6732
0%
6733
0%
6734
0%
6735
0%
6736
0%
6738
0%
6740
0%
6741
0%
6743
0%
6744
0%
6748
0%
6749
0%
6750
0%
6751
0%
6755
0%
6758
0%
6759
0%
6761
0%
6762
0%
6763
0%
6766
0%
6767
0%
6769
0%
6770
0%
6771
0%
6772
0%
6773
0%
6774
0%
6775
0%
6776
0%
6777
0%
6779
0%
6780
0%
6781
0%
6785
0%
6787
0%
6788
0%
6790
0%
6791
0%
6792
0%
6793
0%
6794
0%
6795
0%
6796
0%
6797
0%
6798
0%
6799
0%
6802
0%
6803
0%
6804
0%
6805
0%
6806
0%
6807
0%
6808
0%
6809
0%
6810
0%
6811
0%
6812
0%
6813
0%
6815
0%
6817
0%
6818
0%
6819
0%
6820
0%
6821
0%
6823
0%
6824
0%
6825
0%
6826
0%
6827
0%
6828
0%
6829
0%
6830
0%
6831
0%
6832
0%
6833
0%
6834
0%
6837
0%
6838
0%
6839
0%
6840
0%
6841
0%
6842
0%
6848
0%
6850
0%
6851
0%
6852
0%
6853
0%
6855
0%
6857
0%
6858
0%
6859
0%
6860
0%
6861
0%
6862
0%
6863
0%
6864
0%
6865
0%
6866
0%
6867
0%
6868
0%
6869
0%
6870
0%
6872
0%
6875
0%
6879
0%
6880
0%
6881
0%
6882
0%
6883
0%
6884
0%
6885
0%
6886
0%
6887
0%
6888
0%
6889
0%
6891
0%
6892
0%
6893
0%
6894
0%
6896
0%
6898
0%
6899
0%
6902
0%
6903
0%
6904
0%
6905
0%
6906
0%
6907
0%
6908
0%
6909
0%
6910
0%
6911
0%
6912
0%
6913
0%
6914
0%
6915
0%
6916
0%
6917
0%
6919
0%
6920
0%
6921
0%
6922
0%
6923
0%
6924
0%
6925
0%
6926
0%
6927
0%
6928
0%
6929
0%
6930
0%
6931
0%
6932
0%
6933
0%
6934
0%
6935
0%
6936
0%
6937
0%
6938
0%
6939
0%
6940
0%
6941
0%
6942
0%
6943
0%
6944
0%
6945
0%
6946
0%
6947
0%
6948
0%
6950
0%
6951
0%
6952
0%
6953
0%
6954
0%
6955
0%
6956
0%
6957
0%
6959
0%
6960
0%
6961
0%
6964
0%
6965
0%
6966
0%
6967
0%
6968
0%
6969
0%
6970
0%
6971
0%
6972
0%
6973
0%
6974
0%
6975
0%
6976
0%
6977
0%
6978
0%
6979
0%
6980
0%
6981
0%
6982
0%
6983
0%
6985
0%
6986
0%
6988
0%
6989
0%
7028
0%
7029
0%
7030
0%
7032
0%
7033
0%
7034
0%
7036
0%
7037
0%
7038
0%
7040
0%
7042
0%
7043
0%
7044
0%
7046
0%
7048
0%
7049
0%
7050
0%
7051
0%
7060
0%
7061
0%
7062
0%
7063
0%
7064
0%
7066
0%
7067
0%
7068
0%
7070
0%
7071
0%
7072
0%
7073
0%
7074
0%
7075
0%
7076
0%
7077
0%
7078
0%
7079
0%
7080
0%
7081
0%
7082
0%
7083
0%
7085
0%
7087
0%
7088
0%
7089
0%
7090
0%
7091
0%
7092
0%
7093
0%
7095
0%
7096
0%
7097
0%
7098
0%
7099
0%
7102
0%
7103
0%
7116
0%
7117
0%
7118
0%
7119
0%
7120
0%
7136
0%
7137
0%
7138
0%
7139
0%
7140
0%
7146
0%
7147
0%
7149
0%
7150
0%
7151
0%
7152
0%
7153
0%
7155
0%
7156
0%
7159
0%
7160
0%
7161
0%
7162
0%
7163
0%
7164
0%
7165
0%
7166
0%
7167
0%
7168
0%
7169
0%
7172
0%
7173
0%
7174
0%
7175
0%
7176
0%
7177
0%
7178
0%
7179
0%
7180
0%
7181
0%
7182
0%
7183
0%
7185
0%
7188
0%
7189
0%
7190
0%
7191
0%
7192
0%
7193
0%
7194
0%
7195
0%
7196
0%
7197
0%
7198
0%
7199
0%
7202
0%
7203
0%
7204
0%
7205
0%
7206
0%
7207
0%
7208
0%
7209
0%
7210
0%
7211
0%
7213
0%
7214
0%
7215
0%
7216
0%
7217
0%
7218
0%
7219
0%
7220
0%
7221
0%
7222
0%
7223
0%
7224
0%
7225
0%
7226
0%
7227
0%
7228
0%
7231
0%
7232
0%
7233
0%
7234
0%
7235
0%
7236
0%
7238
0%
7239
0%
7240
0%
7241
0%
7244
0%
7247
0%
7248
0%
7249
0%
7250
0%
7251
0%
7257
0%
7258
0%
7259
0%
7260
0%
7264
0%
7266
0%
7267
0%
7269
0%
7270
0%
7273
0%
7274
0%
7275
0%
7278
0%
7279
0%
7280
0%
7282
0%
7283
0%
7284
0%
7286
0%
7288
0%
7290
0%
7291
0%
7292
0%
7294
0%
7296
0%
7297
0%
7298
0%
7299
0%
7302
0%
7303
0%
7304
0%
7305
0%
7306
0%
7307
0%
7308
0%
7309
0%
7310
0%
7311
0%
7312
0%
7313
0%
7314
0%
7315
0%
7316
0%
7319
0%
7320
0%
7321
0%
7322
0%
7323
0%
7324
0%
7325
0%
7326
0%
7328
0%
7329
0%
7330
0%
7331
0%
7332
0%
7334
0%
7335
0%
7337
0%
7338
0%
7339
0%
7340
0%
7341
0%
7343
0%
7344
0%
7345
0%
7346
0%
7347
0%
7348
0%
7349
0%
7350
0%
7353
0%
7355
0%
7356
0%
7359
0%
7360
0%
7361
0%
7363
0%
7364
0%
7366
0%
7368
0%
7369
0%
7370
0%
7371
0%
7373
0%
7374
0%
7377
0%
7379
0%
7380
0%
7381
0%
7382
0%
7384
0%
7385
0%
7386
0%
7387
0%
7388
0%
7389
0%
7390
0%
7391
0%
7392
0%
7394
0%
7395
0%
7396
0%
7397
0%
7398
0%
7418
0%
7420
0%
7421
0%
7422
0%
7423
0%
7424
0%
7425
0%
7426
0%
7428
0%
7430
0%
7436
0%
7437
0%
7439
0%
7440
0%
7441
0%
7442
0%
7443
0%
7444
0%
7445
0%
7446
0%
7447
0%
7448
0%
7449
0%
7450
0%
7453
0%
7458
0%
7459
0%
7460
0%
7461
0%
7464
0%
7466
0%
7467
0%
7468
0%
7469
0%
7470
0%
7474
0%
7476
0%
7479
0%
7480
0%
7481
0%
7482
0%
7483
0%
7484
0%
7485
0%
7486
0%
7487
0%
7488
0%
7490
0%
7491
0%
7492
0%
7493
0%
7494
0%
7495
0%
7496
0%
7497
0%
7498
0%
7499
0%
7502
0%
7503
0%
7504
0%
7505
0%
7506
0%
7508
0%
7509
0%
7511
0%
7512
0%
7513
0%
7515
0%
7516
0%
7518
0%
7519
0%
7520
0%
7521
0%
7522
0%
7524
0%
7525
0%
7526
0%
7529
0%
7530
0%
7531
0%
7532
0%
7533
0%
7534
0%
7536
0%
7537
0%
7538
0%
7539
0%
7540
0%
7541
0%
7542
0%
7549
0%
7550
0%
7551
0%
7552
0%
7553
0%
7554
0%
7555
0%
7556
0%
7557
0%
7558
0%
7559
0%
7561
0%
7562
0%
7565
0%
7566
0%
7568
0%
7569
0%
7570
0%
7571
0%
7572
0%
7573
0%
7576
0%
7578
0%
7579
0%
7580
0%
7581
0%
7583
0%
7584
0%
7585
0%
7586
0%
7587
0%
7588
0%
7589
0%
7590
0%
7591
0%
7593
0%
7594
0%
7595
0%
7596
0%
7597
0%
7598
0%
7599
0%
7602
0%
7603
0%
7605
0%
7606
0%
7607
0%
7608
0%
7609
0%
7610
0%
7611
0%
7612
0%
7613
0%
7614
0%
7615
0%
7616
0%
7617
0%
7618
0%
7620
0%
7621
0%
7622
0%
7623
0%
7626
0%
7629
0%
7630
0%
7631
0%
7633
0%
7634
0%
7635
0%
7636
0%
7638
0%
7639
0%
7641
0%
7642
0%
7643
0%
7644
0%
7646
0%
7647
0%
7648
0%
7651
0%
7652
0%
7655
0%
7656
0%
7659
0%
7660
0%
7661
0%
7662
0%
7663
0%
7664
0%
7665
0%
7666
0%
7667
0%
7668
0%
7669
0%
7671
0%
7672
0%
7678
0%
7679
0%
7680
0%
7681
0%
7682
0%
7683
0%
7684
0%
7688
0%
7689
0%
7690
0%
7691
0%
7692
0%
7693
0%
7696
0%
7702
0%
7703
0%
7704
0%
7705
0%
7706
0%
7707
0%
7708
0%
7710
0%
7712
0%
7713
0%
7714
0%
7715
0%
7716
0%
7717
0%
7718
0%
7719
0%
7720
0%
7721
0%
7723
0%
7724
0%
7725
0%
7726
0%
7727
0%
7728
0%
7729
0%
7730
0%
7731
0%
7732
0%
7734
0%
7735
0%
7737
0%
7738
0%
7739
0%
7740
0%
7741
0%
7742
0%
7743
0%
7745
0%
7746
0%
7747
0%
7748
0%
7749
0%
7750
0%
7751
0%
7752
0%
7753
0%
7754
0%
7756
0%
7758
0%
7759
0%
7760
0%
7761
0%
7762
0%
7763
0%
7764
0%
7767
0%
7768
0%
7769
0%
7770
0%
7771
0%
7772
0%
7773
0%
7774
0%
7776
0%
7778
0%
7779
0%
7781
0%
7782
0%
7783
0%
7784
0%
7787
0%
7789
0%
7790
0%
7791
0%
7792
0%
7793
0%
7794
0%
7795
0%
7796
0%
7798
0%
7802
0%
7803
0%
7804
0%
7805
0%
7807
0%
7808
0%
7810
0%
7811
0%
7812
0%
7813
0%
7814
0%
7815
0%
7816
0%
7817
0%
7818
0%
7819
0%
7820
0%
7821
0%
7822
0%
7823
0%
7825
0%
7826
0%
7827
0%
7830
0%
7831
0%
7832
0%
7833
0%
7835
0%
7836
0%
7839
0%
7840
0%
7841
0%
7843
0%
7848
0%
7850
0%
7851
0%
7852
0%
7853
0%
7855
0%
7857
0%
7858
0%
7859
0%
7860
0%
7862
0%
7863
0%
7866
0%
7867
0%
7869
0%
7870
0%
7871
0%
7872
0%
7873
0%
7874
0%
7875
0%
7878
0%
7879
0%
7880
0%
7881
0%
7883
0%
7885
0%
7886
0%
7888
0%
7889
0%
7891
0%
7893
0%
7899
0%
7902
0%
7903
0%
7904
0%
7906
0%
7907
0%
7908
0%
7909
0%
7910
0%
7911
0%
7912
0%
7913
0%
7914
0%
7915
0%
7916
0%
7917
0%
7918
0%
7919
0%
7920
0%
7921
0%
7922
0%
7923
0%
7924
0%
7925
0%
7926
0%
7927
0%
7928
0%
7929
0%
7930
0%
7931
0%
7932
0%
7933
0%
7934
0%
7935
0%
7936
0%
7937
0%
7938
0%
7939
0%
7940
0%
7941
0%
7942
0%
7943
0%
7944
0%
7945
0%
7946
0%
7947
0%
7948
0%
7949
0%
7951
0%
7953
0%
7955
0%
7956
0%
7957
0%
7959
0%
7960
0%
7961
0%
7962
0%
7963
0%
7964
0%
7965
0%
7966
0%
7968
0%
7969
0%
7970
0%
7971
0%
7972
0%
7973
0%
7975
0%
7976
0%
7977
0%
7980
0%
7981
0%
7982
0%
7983
0%
7984
0%
7985
0%
7988
0%
7989
0%
8029
0%
8030
0%
8032
0%
8033
0%
8034
0%
8036
0%
8037
0%
8038
0%
8039
0%
8040
0%
8042
0%
8043
0%
8044
0%
8046
0%
8049
0%
8050
0%
8051
0%
8060
0%
8061
0%
8062
0%
8063
0%
8064
0%
8066
0%
8068
0%
8070
0%
8071
0%
8072
0%
8074
0%
8075
0%
8077
0%
8078
0%
8080
0%
8081
0%
8082
0%
8083
0%
8084
0%
8087
0%
8088
0%
8089
0%
8090
0%
8091
0%
8092
0%
8093
0%
8094
0%
8095
0%
8096
0%
8097
0%
8098
0%
8099
0%
8102
0%
8103
0%
8115
0%
8116
0%
8117
0%
8118
0%
8119
0%
8120
0%
8135
0%
8136
0%
8137
0%
8138
0%
8139
0%
8140
0%
8141
0%
8142
0%
8143
0%
8144
0%
8145
0%
8146
0%
8147
0%
8148
0%
8149
0%
8150
0%
8152
0%
8156
0%
8157
0%
8158
0%
8159
0%
8160
0%
8161
0%
8162
0%
8163
0%
8164
0%
8166
0%
8168
0%
8169
0%
8170
0%
8171
0%
8172
0%
8173
0%
8174
0%
8175
0%
8177
0%
8179
0%
8180
0%
8181
0%
8182
0%
8183
0%
8184
0%
8185
0%
8186
0%
8187
0%
8188
0%
8194
0%
8195
0%
8196
0%
8197
0%
8198
0%
8199
0%
8202
0%
8203
0%
8204
0%
8205
0%
8206
0%
8207
0%
8208
0%
8210
0%
8211
0%
8213
0%
8214
0%
8215
0%
8216
0%
8217
0%
8218
0%
8219
0%
8220
0%
8221
0%
8222
0%
8223
0%
8224
0%
8226
0%
8227
0%
8229
0%
8231
0%
8232
0%
8233
0%
8234
0%
8235
0%
8236
0%
8237
0%
8238
0%
8239
0%
8240
0%
8241
0%
8242
0%
8243
0%
8244
0%
8246
0%
8247
0%
8248
0%
8249
0%
8250
0%
8251
0%
8252
0%
8253
0%
8255
0%
8256
0%
8257
0%
8258
0%
8260
0%
8261
0%
8266
0%
8267
0%
8268
0%
8269
0%
8270
0%
8271
0%
8274
0%
8275
0%
8277
0%
8280
0%
8281
0%
8282
0%
8283
0%
8284
0%
8285
0%
8287
0%
8288
0%
8292
0%
8293
0%
8295
0%
8296
0%
8297
0%
8298
0%
8299
0%
8302
0%
8303
0%
8304
0%
8305
0%
8306
0%
8307
0%
8308
0%
8309
0%
8310
0%
8311
0%
8312
0%
8313
0%
8314
0%
8315
0%
8316
0%
8317
0%
8319
0%
8321
0%
8322
0%
8323
0%
8324
0%
8325
0%
8326
0%
8327
0%
8329
0%
8330
0%
8331
0%
8332
0%
8333
0%
8334
0%
8335
0%
8336
0%
8337
0%
8338
0%
8339
0%
8340
0%
8341
0%
8342
0%
8344
0%
8345
0%
8346
0%
8347
0%
8348
0%
8349
0%
8351
0%
8353
0%
8354
0%
8355
0%
8356
0%
8357
0%
8358
0%
8359
0%
8360
0%
8361
0%
8362
0%
8363
0%
8364
0%
8368
0%
8370
0%
8371
0%
8372
0%
8373
0%
8374
0%
8375
0%
8376
0%
8377
0%
8378
0%
8379
0%
8380
0%
8381
0%
8382
0%
8384
0%
8385
0%
8388
0%
8389
0%
8390
0%
8391
0%
8393
0%
8395
0%
8396
0%
8397
0%
8399
0%
8420
0%
8421
0%
8422
0%
8424
0%
8425
0%
8426
0%
8429
0%
8430
0%
8431
0%
8432
0%
8433
0%
8434
0%
8436
0%
8437
0%
8438
0%
8439
0%
8440
0%
8441
0%
8442
0%
8443
0%
8444
0%
8445
0%
8446
0%
8447
0%
8448
0%
8449
0%
8450
0%
8451
0%
8454
0%
8455
0%
8456
0%
8459
0%
8460
0%
8461
0%
8463
0%
8466
0%
8471
0%
8472
0%
8473
0%
8474
0%
8475
0%
8476
0%
8477
0%
8479
0%
8480
0%
8481
0%
8483
0%
8485
0%
8487
0%
8488
0%
8489
0%
8490
0%
8491
0%
8494
0%
8495
0%
8502
0%
8503
0%
8505
0%
8506
0%
8507
0%
8508
0%
8509
0%
8510
0%
8511
0%
8512
0%
8513
0%
8514
0%
8515
0%
8516
0%
8517
0%
8519
0%
8527
0%
8528
0%
8530
0%
8531
0%
8533
0%
8535
0%
8536
0%
8537
0%
8539
0%
8541
0%
8544
0%
8546
0%
8548
0%
8550
0%
8551
0%
8552
0%
8553
0%
8555
0%
8556
0%
8557
0%
8558
0%
8559
0%
8560
0%
8561
0%
8564
0%
8565
0%
8566
0%
8568
0%
8569
0%
8571
0%
8572
0%
8573
0%
8574
0%
8576
0%
8579
0%
8580
0%
8581
0%
8582
0%
8583
0%
8585
0%
8586
0%
8588
0%
8589
0%
8590
0%
8591
0%
8592
0%
8593
0%
8594
0%
8595
0%
8597
0%
8598
0%
8599
0%
8602
0%
8603
0%
8604
0%
8605
0%
8606
0%
8607
0%
8608
0%
8609
0%
8610
0%
8611
0%
8612
0%
8613
0%
8614
0%
8616
0%
8617
0%
8618
0%
8619
0%
8620
0%
8621
0%
8622
0%
8624
0%
8626
0%
8627
0%
8628
0%
8629
0%
8630
0%
8631
0%
8632
0%
8633
0%
8634
0%
8635
0%
8639
0%
8640
0%
8641
0%
8642
0%
8643
0%
8644
0%
8645
0%
8646
0%
8647
0%
8648
0%
8649
0%
8650
0%
8651
0%
8654
0%
8655
0%
8656
0%
8657
0%
8658
0%
8659
0%
8660
0%
8661
0%
8662
0%
8663
0%
8664
0%
8665
0%
8666
0%
8667
0%
8668
0%
8669
0%
8671
0%
8672
0%
8673
0%
8674
0%
8676
0%
8677
0%
8678
0%
8679
0%
8680
0%
8681
0%
8682
0%
8683
0%
8684
0%
8685
0%
8686
0%
8690
0%
8691
0%
8692
0%
8693
0%
8694
0%
8695
0%
8696
0%
8697
0%
8698
0%
8699
0%
8702
0%
8703
0%
8704
0%
8705
0%
8706
0%
8707
0%
8709
0%
8710
0%
8711
0%
8712
0%
8713
0%
8714
0%
8715
0%
8716
0%
8717
0%
8718
0%
8719
0%
8720
0%
8721
0%
8723
0%
8724
0%
8727
0%
8729
0%
8730
0%
8731
0%
8732
0%
8734
0%
8735
0%
8736
0%
8737
0%
8738
0%
8739
0%
8740
0%
8741
0%
8742
0%
8743
0%
8744
0%
8745
0%
8746
0%
8747
0%
8748
0%
8749
0%
8750
0%
8751
0%
8755
0%
8757
0%
8759
0%
8766
0%
8769
0%
8770
0%
8771
0%
8772
0%
8773
0%
8774
0%
8775
0%
8776
0%
8778
0%
8779
0%
8780
0%
8781
0%
8783
0%
8784
0%
8785
0%
8786
0%
8788
0%
8789
0%
8790
0%
8791
0%
8792
0%
8793
0%
8794
0%
8795
0%
8799
0%
8801
0%
8802
0%
8803
0%
8804
0%
8805
0%
8806
0%
8807
0%
8808
0%
8809
0%
8810
0%
8813
0%
8814
0%
8815
0%
8816
0%
8817
0%
8819
0%
8821
0%
8823
0%
8824
0%
8825
0%
8826
0%
8828
0%
8829
0%
8830
0%
8831
0%
8832
0%
8834
0%
8835
0%
8836
0%
8837
0%
8838
0%
8839
0%
8840
0%
8841
0%
8842
0%
8843
0%
8845
0%
8846
0%
8847
0%
8848
0%
8849
0%
8850
0%
8851
0%
8852
0%
8853
0%
8854
0%
8857
0%
8858
0%
8859
0%
8860
0%
8861
0%
8862
0%
8863
0%
8864
0%
8865
0%
8867
0%
8869
0%
8870
0%
8871
0%
8872
0%
8873
0%
8874
0%
8875
0%
8876
0%
8879
0%
8880
0%
8882
0%
8883
0%
8884
0%
8886
0%
8887
0%
8890
0%
8891
0%
8892
0%
8893
0%
8894
0%
8896
0%
8897
0%
8898
0%
8902
0%
8903
0%
8904
0%
8905
0%
8906
0%
8907
0%
8908
0%
8910
0%
8911
0%
8912
0%
8913
0%
8917
0%
8918
0%
8919
0%
8920
0%
8921
0%
8922
0%
8923
0%
8924
0%
8927
0%
8928
0%
8929
0%
8930
0%
8931
0%
8932
0%
8933
0%
8934
0%
8935
0%
8937
0%
8938
0%
8939
0%
8942
0%
8944
0%
8945
0%
8946
0%
8947
0%
8948
0%
8950
0%
8951
0%
8952
0%
8954
0%
8955
0%
8957
0%
8959
0%
8960
0%
8962
0%
8963
0%
8964
0%
8965
0%
8966
0%
8967
0%
8968
0%
8969
0%
8970
0%
8971
0%
8972
0%
8974
0%
8976
0%
8977
0%
8980
0%
8981
0%
8982
0%
8983
0%
8984
0%
8985
0%
8986
0%
8987
0%
8988
0%
8989
0%
9029
0%
9030
0%
9032
0%
9033
0%
9034
0%
9036
0%
9037
0%
9038
0%
9039
0%
9040
0%
9042
0%
9043
0%
9044
0%
9045
0%
9048
0%
9049
0%
9050
0%
9051
0%
9060
0%
9061
0%
9062
0%
9063
0%
9064
0%
9066
0%
9067
0%
9068
0%
9070
0%
9071
0%
9072
0%
9073
0%
9074
0%
9075
0%
9076
0%
9077
0%
9081
0%
9082
0%
9083
0%
9084
0%
9085
0%
9102
0%
9103
0%
9115
0%
9116
0%
9135
0%
9136
0%
9137
0%
9138
0%
9139
0%
9140
0%
9141
0%
9142
0%
9143
0%
9144
0%
9145
0%
9146
0%
9148
0%
9149
0%
9150
0%
9151
0%
9152
0%
9153
0%
9154
0%
9155
0%
9157
0%
9160
0%
9161
0%
9162
0%
9163
0%
9165
0%
9166
0%
9168
0%
9169
0%
9172
0%
9174
0%
9175
0%
9176
0%
9177
0%
9178
0%
9180
0%
9181
0%
9182
0%
9183
0%
9184
0%
9185
0%
9186
0%
9188
0%
9189
0%
9191
0%
9192
0%
9193
0%
9194
0%
9195
0%
9196
0%
9198
0%
9199
0%
9202
0%
9203
0%
9204
0%
9205
0%
9206
0%
9207
0%
9208
0%
9209
0%
9210
0%
9211
0%
9213
0%
9214
0%
9215
0%
9216
0%
9217
0%
9218
0%
9219
0%
9220
0%
9221
0%
9222
0%
9223
0%
9224
0%
9225
0%
9226
0%
9227
0%
9228
0%
9229
0%
9230
0%
9231
0%
9232
0%
9233
0%
9234
0%
9235
0%
9236
0%
9237
0%
9238
0%
9239
0%
9240
0%
9242
0%
9243
0%
9244
0%
9246
0%
9247
0%
9248
0%
9249
0%
9250
0%
9251
0%
9252
0%
9255
0%
9256
0%
9257
0%
9258
0%
9259
0%
9260
0%
9261
0%
9262
0%
9263
0%
9264
0%
9265
0%
9266
0%
9268
0%
9269
0%
9270
0%
9271
0%
9274
0%
9275
0%
9277
0%
9278
0%
9280
0%
9281
0%
9282
0%
9284
0%
9285
0%
9286
0%
9287
0%
9288
0%
9289
0%
9290
0%
9292
0%
9293
0%
9295
0%
9297
0%
9298
0%
9299
0%
9302
0%
9303
0%
9304
0%
9305
0%
9306
0%
9307
0%
9308
0%
9309
0%
9310
0%
9311
0%
9312
0%
9313
0%
9314
0%
9315
0%
9316
0%
9317
0%
9318
0%
9319
0%
9320
0%
9321
0%
9322
0%
9323
0%
9324
0%
9325
0%
9326
0%
9327
0%
9328
0%
9329
0%
9330
0%
9331
0%
9332
0%
9333
0%
9335
0%
9336
0%
9337
0%
9338
0%
9339
0%
9340
0%
9341
0%
9342
0%
9343
0%
9344
0%
9345
0%
9346
0%
9347
0%
9348
0%
9349
0%
9350
0%
9351
0%
9353
0%
9354
0%
9355
0%
9356
0%
9357
0%
9358
0%
9359
0%
9360
0%
9361
0%
9362
0%
9364
0%
9365
0%
9366
0%
9367
0%
9368
0%
9369
0%
9371
0%
9375
0%
9378
0%
9379
0%
9380
0%
9381
0%
9382
0%
9384
0%
9385
0%
9386
0%
9387
0%
9390
0%
9391
0%
9393
0%
9394
0%
9395
0%
9396
0%
9397
0%
9398
0%
9402
0%
9403
0%
9404
0%
9406
0%
9407
0%
9408
0%
9409
0%
9410
0%
9411
0%
9412
0%
9414
0%
9415
0%
9417
0%
9418
0%
9420
0%
9421
0%
9422
0%
9423
0%
9424
0%
9425
0%
9426
0%
9427
0%
9428
0%
9429
0%
9430
0%
9431
0%
9432
0%
9433
0%
9434
0%
9435
0%
9436
0%
9437
0%
9438
0%
9440
0%
9441
0%
9442
0%
9443
0%
9444
0%
9446
0%
9447
0%
9448
0%
9449
0%
9450
0%
9453
0%
9455
0%
9458
0%
9460
0%
9461
0%
9462
0%
9464
0%
9465
0%
9466
0%
9467
0%
9468
0%
9470
0%
9471
0%
9472
0%
9473
0%
9476
0%
9477
0%
9478
0%
9479
0%
9480
0%
9481
0%
9482
0%
9485
0%
9486
0%
9487
0%
9488
0%
9489
0%
9491
0%
9492
0%
9493
0%
9495
0%
9497
0%
9499
0%
9504
0%
9505
0%
9506
0%
9507
0%
9508
0%
9509
0%
9510
0%
9511
0%
9512
0%
9513
0%
9514
0%
9515
0%
9516
0%
9517
0%
9518
0%
9520
0%
9521
0%
9522
0%
9523
0%
9524
0%
9525
0%
9526
0%
9527
0%
9528
0%
9530
0%
9531
0%
9532
0%
9533
0%
9535
0%
9538
0%
9539
0%
9540
0%
9541
0%
9543
0%
9544
0%
9546
0%
9548
0%
9549
0%
9550
0%
9552
0%
9553
0%
9554
0%
9555
0%
9556
0%
9557
0%
9558
0%
9559
0%
9560
0%
9561
0%
9563
0%
9564
0%
9565
0%
9566
0%
9568
0%
9569
0%
9570
0%
9571
0%
9573
0%
9574
0%
9575
0%
9577
0%
9578
0%
9579
0%
9580
0%
9581
0%
9582
0%
9583
0%
9584
0%
9585
0%
9586
0%
9587
0%
9588
0%
9589
0%
9590
0%
9591
0%
9592
0%
9593
0%
9596
0%
9597
0%
9599
0%
9602
0%
9604
0%
9605
0%
9606
0%
9607
0%
9608
0%
9609
0%
9610
0%
9611
0%
9612
0%
9613
0%
9614
0%
9615
0%
9616
0%
9617
0%
9618
0%
9620
0%
9621
0%
9622
0%
9623
0%
9626
0%
9627
0%
9628
0%
9629
0%
9631
0%
9633
0%
9635
0%
9636
0%
9637
0%
9640
0%
9641
0%
9642
0%
9643
0%
9644
0%
9645
0%
9646
0%
9647
0%
9648
0%
9649
0%
9650
0%
9651
0%
9653
0%
9654
0%
9655
0%
9656
0%
9657
0%
9658
0%
9659
0%
9660
0%
9661
0%
9662
0%
9663
0%
9664
0%
9665
0%
9666
0%
9667
0%
9668
0%
9669
0%
9670
0%
9671
0%
9672
0%
9673
0%
9674
0%
9676
0%
9677
0%
9679
0%
9680
0%
9681
0%
9682
0%
9684
0%
9685
0%
9686
0%
9687
0%
9688
0%
9690
0%
9692
0%
9693
0%
9694
0%
9695
0%
9697
0%
9698
0%
9699
0%
9703
0%
9704
0%
9705
0%
9706
0%
9707
0%
9708
0%
9709
0%
9710
0%
9711
0%
9712
0%
9713
0%
9714
0%
9715
0%
9716
0%
9717
0%
9719
0%
9720
0%
9721
0%
9722
0%
9723
0%
9724
0%
9727
0%
9729
0%
9730
0%
9731
0%
9733
0%
9735
0%
9736
0%
9737
0%
9738
0%
9740
0%
9741
0%
9742
0%
9744
0%
9745
0%
9746
0%
9747
0%
9748
0%
9749
0%
9750
0%
9751
0%
9754
0%
9755
0%
9756
0%
9757
0%
9758
0%
9759
0%
9760
0%
9761
0%
9762
0%
9763
0%
9765
0%
9766
0%
9767
0%
9768
0%
9770
0%
9771
0%
9772
0%
9773
0%
9774
0%
9775
0%
9776
0%
9777
0%
9778
0%
9779
0%
9780
0%
9781
0%
9782
0%
9783
0%
9784
0%
9785
0%
9787
0%
9788
0%
9789
0%
9790
0%
9791
0%
9792
0%
9793
0%
9794
0%
9795
0%
9796
0%
9798
0%
9799
0%
9820
0%
9821
0%
9824
0%
9825
0%
9827
0%
9828
0%
9830
0%
9831
0%
9834
0%
9835
0%
9837
0%
9838
0%
9839
0%
9842
0%
9843
0%
9848
0%
9850
0%
9851
0%
9852
0%
9853
0%
9854
0%
9855
0%
9856
0%
9857
0%
9858
0%
9859
0%
9860
0%
9861
0%
9862
0%
9863
0%
9864
0%
9866
0%
9868
0%
9880
0%
9887
0%
9889
0%
9890
0%
9891
0%
9892
0%
9893
0%
9894
0%
9895
0%
9896
0%
9897
0%
9898
0%
Aucun quiz correspondant
Distribution des résultats
% des personnes avec chaque résultat
Percentile par nombre de réponses
Votre historique - résultats
Vous n’avez pas pris ce quiz